{"text_format":"3","workbook":"xls","n_sheets":3,"sheets":["明细表","全年明细表","WpsReserved_CellImgList"],"not_rendered":{"images":137,"external_links":1,"defined_names":5},"read":"whole","date_system":"1900","formulas":"cached_only"}

{"sheet":"明细表","index":0,"n_rows":95,"n_cols":10,"rows_kept":95,"merged":[[0,0,0,9],[91,0,91,9],[92,0,92,9],[93,0,93,9],[94,0,94,9]],"flags":["formulas_cached_only"]}
["东莞市水务集团建设管理有限公司2024年第三季度后勤物品采购项目分项报价表"]
["序号","名称","规格型号","汇总数量","单位","单价报价（元）\n不含税","总价报价（元）\n不含税","报价品牌型号","产品图片","备注"]
[1,"抽纸","型号：V2182；中号抽纸（48包/箱）；150抽/包；三层；153mm*195mm/张",48,"箱"]
[2,"盒装面巾纸","200抽/盒；二层；36盒/箱",37,"箱"]
[3,"擦手纸","200抽；三层超韧；20包/箱",35,"箱"]
[4,"大卷纸","JX003-12B;850克/卷;12卷一箱",30,"箱"]
[5,"手帕纸","4层；8张；36包/一件",38,"件"]
[6,"厨房用纸","80抽*12包",30,"件"]
[7,"湿纸巾","180x180mm；10片/包；独立包装",180,"包"]
[8,"一次性餐盒","可降解；6格；1400ml；带盖",100,"个"]
[9,"一次性打包盒","可降解；1000ml；带盖",100,"个"]
[10,"一次性汤盒","可降解；500ml；带盖",200,"个"]
[11,"打包袋","可降解；背心款；透明白色；30cm*40cm",200,"个"]
[12,"一次性筷子四件套","可降解；内含筷子、汤勺、牙签、纸巾四件套",100,"套"]
[13,"筷子","耐高温；黑色合金筷；一包10双",10,"包"]
[14,"一次性杯子","100只装；竹纤维；250ml",35,"包"]
[15,"竹牙签","2支/包 500包/盒；淋膜牛皮纸",2,"包"]
[16,"牙签","双头、竹木；200枚/包",25,"包"]
[17,"牙线","40支/盒；单片便携装",12,"盒"]
[18,"酒精","75%酒精；喷雾；500ml",30,"支"]
[19,"洗手液","225g；抑菌泡沫洗手液",95,"支"]
[20,"清新剂","200ml",26,"支",{"$nulls":4},"卫生间专用"]
[21,"洗洁精","20KG",26,"桶"]
[22,"杀虫剂喷雾","600ml；无香",9,"瓶"]
[23,"碧丽珠","330ml",8,"瓶"]
[24,"洁厕剂","750ml以上",42,"支"]
[25,"下水道疏通剂","500g",7,"支"]
[26,"油污净","500g以上",7,"组"]
[27,"瓷砖清洁剂","1500g/瓶",4,"瓶"]
[28,"消毒液","1.2L；杀菌99.999%",90,"瓶"]
[29,"玻璃水","500ml；有喷头",39,"瓶"]
[30,"雨伞","32寸安全开关直骨伞；190深蓝色黑胶布；印刷白色字体;纽扣式",60,"把",{"$nulls":4},"具体款式请找甲方确认"]
[31,"雨伞架","12头，材质:铁烤漆；尺寸:87cmx56cmx30cm",3,"个"]
[32,"厨师帽","白色；透气松紧网帽",10,"顶"]
[33,"厨师服","短袖；白色；双排扣",10,"件"]
[34,"保洁服","立领；米白；短袖",13,"件",{"$nulls":4},"需配合印制logo"]
[35,"尿斗香块","120g/块",70,"盒"]
[36,"扫帚",null,25,"把"]
[37,"竹扫把","150cm*60cm",13,"把"]
[38,"簸箕","27.5*24.5*10cm",17,"个"]
[39,"圆拖把","普通；木柄",15,"把"]
[40,"马桶刷","不锈钢柄；配底座",18,"个"]
[41,"飘逸壶","1升",10,"个"]
[42,"分类垃圾桶","不锈钢；大号脚踏带盖；18L；其他垃圾+可回收物",4,"个"]
[43,"塑料周转箱","收纳箱物料盒收纳盒 蓝色650*400*150",4,"个"]
[44,"金橡牌水鞋","鞋底：牛筋大底；内里：透气棉布；材质：PVC",5,"双"]
[45,"小垃圾袋","手提式；加厚；黑色背心带；32*52cm；50个",180,"扎"]
[46,"大垃圾袋","90*110cm；50个；加厚",55,"扎"]
[47,"垃圾袋","70*83cm；加厚；50只装",60,"扎"]
[48,"食用小苏打粉","185g/瓶；清洁杯具用",2,"个"]
[49,"食品留样盒","6格组合；可循环使用",2,"个"]
[50,"刮水器","自由伸缩；硅胶条；45CM",3,"个"]
[51,"地板刷","地刷硬毛长柄家用地板瓷砖刷",2,"把"]
[52,"食品级手套","PVC；一次性；100只/盒；透明",20,"盒"]
[53,"长手套","材质：橡胶；40cm左右",12,"对"]
[54,"围裙","加厚；防水防油；透明",30,"条"]
[55,"竹制洗锅刷","直径5厘米；长度30厘米以上",5,"把"]
[56,"餐夹","不锈钢；长度26cm，304不锈钢",20,"个"]
[57,"水果刀","中号；刃长约210mm；含保护套",3,"把"]
[58,"水果盘","29CM；玻璃",2,"个"]
[59,"方筛","白色PE塑胶；38*27*12cm以上",5,"个"]
[60,"物斗","34CM；不锈钢",5,"个"]
[61,"盘碟","304不锈钢；加厚；32CM",3,"个"]
[62,"毛巾","蓝色；35cm*70cm",40,"条"]
[63,"茶巾","30*30cm",15,"块"]
[64,"保鲜膜","PVC材质 400m*45cm",15,"卷"]
[65,"除湿盒","230g/盒",40,"盒"]
[66,"粘钩",null,65,"个"]
[67,"自锁式尼龙扎带","自锁式尼龙扎带；200支",13,"包"]
[68,"地垫","红色绒面3*1.8米",1,"张"]
[69,"地垫","红色绒面0.6*0.8米",6,"张"]
[70,"地垫","灰色 加密胶圈1.2*0.8米",6,"张"]
[71,"地垫","灰色 加密胶圈 1.8*1米",4,"张"]
[72,"地垫","灰色 加密胶圈 1.8*0.8米",2,"张"]
[73,"洗锅刷","长",3,"个"]
[74,"洗锅刷","短",3,"个"]
[75,"百洁布","加密丝线编织网面（条）",50,"块"]
[76,"水果砧板","41x28cm",3,"块"]
[77,"洗杯刷","36cm高",14,"支"]
[78,"不锈钢烟灰缸","6cm*14cm",15,"个"]
[79,"切肉刀","全长311mm，刀长185,mm，柄长126mm，宽87mm",1,"把"]
[80,"去皮刀","全长180mm，刀长57mm，304不锈钢",3,"把"]
[81,"档案室专用防霉驱虫药","档案室专用药刘，具有杀虫、防蛀、防霉、抗菌、驱避，对档案纸张，字迹无影响。",30,"盒"]
[82,"小推车","抗压耐磨90x58cm；承重1000斤",2,"个"]
[83,"园艺剪","8英寸",1,"把"]
[84,"灭蚊灯","UVA紫光灯诱蚊，吸入式灭蚊",21,"个"]
[85,"空气净化器滤芯","滤网滤芯；颗粒物CADR\n1000m³/h",6,"个",{"$nulls":4},"适配小米净化器"]
[86,"环保手提袋","300*380*100mm",250,"个"]
[87,"桶装水放置架","12-20L三排四层黑色12桶25*25加粗加厚杆",2,"个"]
[88,"台球杆","中式黑八；分体10mm",2,"支"]
[89,"乒乓球","100个；一星",2,"包"]
["合计（不含税）：       元"]
["供应商（加盖公章）  "]
["1.本次所报价格为不含销项税额，包含报价人完成合同义务（含报价人代缴代扣、施工、采购货物等所产生的价税）的其他全部费用。本采购项目的销项税额由采购人承担，不计入报价。报价均包括但不限于以下内容涉及的费用：包含本合同项下所供货物及其的附件、备品备件的采购、制造、检测、试验、送货、装卸（含二次搬运至采购人指定仓储地点）、安装调试、保险、现场仓储、质保期免费上门提供售后服务及报价人销项税额以外的税费等相关服务的全部费用。\n2.不含税报价不得高于本项目不含税总采购限价83,866.00元，否则视为无效报价。\n3.分项报价表与总价报价表不一致的，以总价报价表为准，调整分项报价表。\n4.本报价表不允许调整，擅自修改，将视为无效报价。"]
["交货地址：\n1.公司本部：广东省东莞市南城街道（无电梯）\n2.第一工程管理处：松山湖南山路1号中集智谷37栋\n3.第二工程管理处：虎门镇怀林路56号2栋110室\n4.第三工程管理处：东莞市塘厦镇裕民街91号"]

{"sheet":"全年明细表","index":1,"n_rows":250,"n_cols":33,"rows_kept":250,"hidden":true,"merged":[[0,0,0,32],[248,0,248,22],[249,0,249,32]],"flags":["formulas_cached_only"]}
["2023年全年后勤物品需求计划清单！！！"]
["序号","类别","名称","规格型号","汇总数量","财务部","运营管理部","工程管理部","办公室","设备管理部","合同管理部","技术管理部","安全监管部","党群人事部","信息管理部","第一分公司","第二分公司","第三分公司","第四分公司","第五分公司","第六分公司","单位","单价（元）","金额（元）","本部总价","第一分公司总价","第二分公司总价","第三分公司总价","第四分公司总价","第五分公司总价","第六分公司总价","推荐品牌","备注"]
[1,"纸类","抽纸","型号：V2182，中号抽纸（48包/箱），150抽/包，三层，153mm*195mm/张",740,8,null,8,120,5,8,8,4,8,8,102,110,100,105,46,100,"箱",200,{"v":148000,"d":"148,000.00"},{"v":35400,"d":"35,400.00"},{"v":20400,"d":"20,400.00"},{"v":22000,"d":"22,000.00"},{"v":20000,"d":"20,000.00"},{"v":21000,"d":"21,000.00"},{"v":9200,"d":"9,200.00"},{"v":20000,"d":"20,000.00"},"维达，洁柔，清风"]
[2,null,"盒装面巾纸","200抽/盒，二层，36盒/箱",131,{"$nulls":3},6,{"$nulls":6},2,6,null,null,107,10,"箱",180,{"v":23580,"d":"23,580.00"},{"v":1080,"d":"1,080.00"},{"v":360,"d":"360.00"},{"v":1080,"d":"1,080.00"},{"v":0,"d":"0.00"},{"v":0,"d":"0.00"},{"v":19260,"d":"19,260.00"},{"v":1800,"d":"1,800.00"},"维达，洁柔，清风","=DISPIMG(\"ID_EF0C8BCF14D045ACA4E713C32230DB5D\",1)"]
[3,"纸类","卷纸","30卷/箱，4层200克",141,{"$nulls":3},6,{"$nulls":6},33,0,50,2,null,50,"箱",96,{"v":13536,"d":"13,536.00"},{"v":576,"d":"576.00"},{"v":3168,"d":"3,168.00"},{"v":0,"d":"0.00"},{"v":4800,"d":"4,800.00"},{"v":192,"d":"192.00"},{"v":0,"d":"0.00"},{"v":4800,"d":"4,800.00"},"维达，洁柔，清风"]
[4,"纸类","便携式餐巾纸"," 蓝色经典手帕纸 纸巾小包餐巾纸 纸巾面巾纸印花纸手帕V0005便携式10包/条 30包整箱装",13,{"$nulls":3},3,{"$nulls":6},0,0,null,0,null,10,"箱",220,{"v":2860,"d":"2,860.00"},{"v":660,"d":"660.00"},{"v":0,"d":"0.00"},{"v":0,"d":"0.00"},{"v":0,"d":"0.00"},{"v":0,"d":"0.00"},{"v":0,"d":"0.00"},{"v":2200,"d":"2,200.00"},"维达，洁柔，清风"]
[5,"纸类","擦手纸","200抽，三层超韧，20包/箱",406,{"$nulls":3},200,{"$nulls":6},40,50,30,22,34,30,"箱",160,{"v":64960,"d":"64,960.00"},{"v":32000,"d":"32,000.00"},{"v":6400,"d":"6,400.00"},{"v":8000,"d":"8,000.00"},{"v":4800,"d":"4,800.00"},{"v":3520,"d":"3,520.00"},{"v":5440,"d":"5,440.00"},{"v":4800,"d":"4,800.00"},"维达，洁柔，清风"]
[6,"纸类","大卷纸","压花，三层，一箱12卷",333,{"$nulls":3},200,{"$nulls":6},43,40,30,10,null,10,"箱",160,{"v":53280,"d":"53,280.00"},{"v":32000,"d":"32,000.00"},{"v":6880,"d":"6,880.00"},{"v":6400,"d":"6,400.00"},{"v":4800,"d":"4,800.00"},{"v":1600,"d":"1,600.00"},{"v":0,"d":"0.00"},{"v":1600,"d":"1,600.00"},"任意品牌"]
[7,"纸类","湿纸巾","杀菌；独立装；一包10片；纸巾尺寸180*170mm",300,{"$nulls":10},0,0,null,0,null,300,"包",5,{"v":1500,"d":"1,500.00"},{"v":0,"d":"0.00"},{"v":0,"d":"0.00"},{"v":0,"d":"0.00"},{"v":0,"d":"0.00"},{"v":0,"d":"0.00"},{"v":0,"d":"0.00"},{"v":1500,"d":"1,500.00"},"任意品牌"]
[8,"纸类","湿纸巾"," 洁肤卫生湿巾5包*10片独立装(量贩装)",800,{"$nulls":3},300,{"$nulls":6},40,50,50,50,10,300,"包",{"v":15,"d":"15.00"},{"v":12000,"d":"12,000.00"},{"v":4500,"d":"4,500.00"},{"v":600,"d":"600.00"},{"v":750,"d":"750.00"},{"v":750,"d":"750.00"},{"v":750,"d":"750.00"},{"v":150,"d":"150.00"},{"v":4500,"d":"4,500.00"},"维达"]
[9,"打包类","一次性餐盒","可降解；四格；1400ml；带盖",23000,{"$nulls":3},500,{"$nulls":6},3000,3000,5000,6500,null,5000,"个",3,{"v":69000,"d":"69,000.00"},{"v":1500,"d":"1,500.00"},{"v":9000,"d":"9,000.00"},{"v":9000,"d":"9,000.00"},{"v":15000,"d":"15,000.00"},{"v":19500,"d":"19,500.00"},{"v":0,"d":"0.00"},{"v":15000,"d":"15,000.00"},"任意品牌"]
[10,null,"一次性餐盒","透明四格；1000ml；带盖",1200,{"$nulls":3},1200,{"$nulls":6},0,0,null,0,null,null,"个",3,{"v":3600,"d":"3,600.00"},{"v":3600,"d":"3,600.00"},{"v":0,"d":"0.00"},{"v":0,"d":"0.00"},{"v":0,"d":"0.00"},{"v":0,"d":"0.00"},{"v":0,"d":"0.00"},{"v":0,"d":"0.00"},"任意品牌","=DISPIMG(\"ID_35572A2B24154706B5A6803E89D83580\",1)"]
[11,"打包类","一次性打包盒","可降解；1000ml；带盖",9900,{"$nulls":3},500,{"$nulls":6},1000,2500,500,4000,400,1000,"个",1.5,{"v":14850,"d":"14,850.00"},{"v":750,"d":"750.00"},{"v":1500,"d":"1,500.00"},{"v":3750,"d":"3,750.00"},{"v":750,"d":"750.00"},{"v":6000,"d":"6,000.00"},{"v":600,"d":"600.00"},{"v":1500,"d":"1,500.00"},"任意品牌"]
[12,null,"一次性打包盒","透明；1000ml；带盖",1600,{"$nulls":3},1200,{"$nulls":6},0,0,null,0,400,null,"个",1.5,{"v":2400,"d":"2,400.00"},{"v":1800,"d":"1,800.00"},{"v":0,"d":"0.00"},{"v":0,"d":"0.00"},{"v":0,"d":"0.00"},{"v":0,"d":"0.00"},{"v":600,"d":"600.00"},{"v":0,"d":"0.00"},"任意品牌","=DISPIMG(\"ID_5150C1966C634232A437EE1FD7B33968\",1)"]
[13,"打包类","一次性汤盒","可降解；500ml，带盖",13350,{"$nulls":3},500,{"$nulls":6},2000,2500,5000,0,350,3000,"个",1.5,{"v":20025,"d":"20,025.00"},{"v":750,"d":"750.00"},{"v":3000,"d":"3,000.00"},{"v":3750,"d":"3,750.00"},{"v":7500,"d":"7,500.00"},{"v":0,"d":"0.00"},{"v":525,"d":"525.00"},{"v":4500,"d":"4,500.00"},"任意品牌"]
[14,null,"一次性饭盒","透明，500ml,带盖",2400,{"$nulls":3},2400,{"$nulls":6},0,0,null,0,null,null,"个",1.5,{"v":3600,"d":"3,600.00"},{"v":3600,"d":"3,600.00"},{"v":0,"d":"0.00"},{"v":0,"d":"0.00"},{"v":0,"d":"0.00"},{"v":0,"d":"0.00"},{"v":0,"d":"0.00"},{"v":0,"d":"0.00"},"任意品牌","=DISPIMG(\"ID_679E89D5967541C38833FE547E790E01\",1)"]
[15,"打包类","一次性汤盒","可降解；750ml，带盖",11000,{"$nulls":10},2000,2500,null,6500,null,null,"个",1.2,{"v":13200,"d":"13,200.00"},{"v":0,"d":"0.00"},{"v":2400,"d":"2,400.00"},{"v":3000,"d":"3,000.00"},{"v":0,"d":"0.00"},{"v":7800,"d":"7,800.00"},{"v":0,"d":"0.00"},{"v":0,"d":"0.00"},"任意品牌"]
[16,"打包类","打包袋","可降解；背心款，透明白色，30cm*40cm",20850,{"$nulls":3},5000,{"$nulls":6},1000,3500,2000,7000,350,2000,"个",0.5,{"v":10425,"d":"10,425.00"},{"v":2500,"d":"2,500.00"},{"v":500,"d":"500.00"},{"v":1750,"d":"1,750.00"},{"v":1000,"d":"1,000.00"},{"v":3500,"d":"3,500.00"},{"v":175,"d":"175.00"},{"v":1000,"d":"1,000.00"},"任意品牌"]
[17,"打包类","一次性筷子四件套","可降解；内含筷子、汤勺、牙签、纸巾四件套",22700,{"$nulls":3},1200,{"$nulls":6},4000,3200,4000,5000,300,5000,"套",1.5,{"v":34050,"d":"34,050.00"},{"v":1800,"d":"1,800.00"},{"v":6000,"d":"6,000.00"},{"v":4800,"d":"4,800.00"},{"v":6000,"d":"6,000.00"},{"v":7500,"d":"7,500.00"},{"v":450,"d":"450.00"},{"v":7500,"d":"7,500.00"},"任意品牌"]
[18,null,"一次性筷子","双",10500,{"$nulls":10},0,2000,null,6500,null,2000,"双",0.15,{"v":1575,"d":"1,575.00"},{"v":0,"d":"0.00"},{"v":0,"d":"0.00"},{"v":300,"d":"300.00"},{"v":0,"d":"0.00"},{"v":975,"d":"975.00"},{"v":0,"d":"0.00"},{"v":300,"d":"300.00"},"任意品牌"]
[19,null,"玻璃杯","圆形",30,{"$nulls":10},0,30,null,0,null,null,"个",20,{"v":600,"d":"600.00"},{"v":0,"d":"0.00"},{"v":0,"d":"0.00"},{"v":600,"d":"600.00"},{"v":0,"d":"0.00"},{"v":0,"d":"0.00"},{"v":0,"d":"0.00"},{"v":0,"d":"0.00"},"任意品牌"]
[20,"清洁类","酒精","75%酒精；喷雾；500ml",543,{"$nulls":3},200,{"$nulls":6},63,120,null,0,60,100,"支",19,{"v":10317,"d":"10,317.00"},{"v":3800,"d":"3,800.00"},{"v":1197,"d":"1,197.00"},{"v":2280,"d":"2,280.00"},{"v":0,"d":"0.00"},{"v":0,"d":"0.00"},{"v":1140,"d":"1,140.00"},{"v":1900,"d":"1,900.00"},"任意品牌"]
[21,"清洁类","洗手液","300ml；泡沫",977,{"$nulls":3},600,{"$nulls":6},40,0,100,108,29,100,"支",28,{"v":27356,"d":"27,356.00"},{"v":16800,"d":"16,800.00"},{"v":1120,"d":"1,120.00"},{"v":0,"d":"0.00"},{"v":2800,"d":"2,800.00"},{"v":3024,"d":"3,024.00"},{"v":812,"d":"812.00"},{"v":2800,"d":"2,800.00"},"任意品牌"]
[22,"清洁类","洗手液","300ml",394,{"$nulls":10},190,80,50,24,null,50,"支",20,{"v":7880,"d":"7,880.00"},{"v":0,"d":"0.00"},{"v":3800,"d":"3,800.00"},{"v":1600,"d":"1,600.00"},{"v":1000,"d":"1,000.00"},{"v":480,"d":"480.00"},{"v":0,"d":"0.00"},{"v":1000,"d":"1,000.00"},"威露士、蓝月亮、滴露"]
[23,null,"洗手液补充液","商用10L大桶装, 抑菌",10,{"$nulls":10},2,8,null,0,null,null,"瓶",75,{"v":750,"d":"750.00"},{"v":0,"d":"0.00"},{"v":150,"d":"150.00"},{"v":600,"d":"600.00"},{"v":0,"d":"0.00"},{"v":0,"d":"0.00"},{"v":0,"d":"0.00"},{"v":0,"d":"0.00"},"任意品牌"]
[24,"清洁类","洗衣粉","508g；20包/件",103,{"$nulls":3},30,{"$nulls":6},0,4,5,11,3,50,"件",130,{"v":13390,"d":"13,390.00"},{"v":3900,"d":"3,900.00"},{"v":0,"d":"0.00"},{"v":520,"d":"520.00"},{"v":650,"d":"650.00"},{"v":1430,"d":"1,430.00"},{"v":390,"d":"390.00"},{"v":6500,"d":"6,500.00"},"汰渍、立白、雪亮"]
[25,"清洁类","吸水毛巾","蓝色；25cm*50cm",861,{"$nulls":3},400,{"$nulls":6},50,80,60,121,50,100,"条",10,{"v":8610,"d":"8,610.00"},{"v":4000,"d":"4,000.00"},{"v":500,"d":"500.00"},{"v":800,"d":"800.00"},{"v":600,"d":"600.00"},{"v":1210,"d":"1,210.00"},{"v":500,"d":"500.00"},{"v":1000,"d":"1,000.00"},"任意品牌"]
[26,"清洁类","洗洁精","20KG",199,{"$nulls":3},60,{"$nulls":6},18,32,15,12,12,50,"桶",159,{"v":31641,"d":"31,641.00"},{"v":9540,"d":"9,540.00"},{"v":2862,"d":"2,862.00"},{"v":5088,"d":"5,088.00"},{"v":2385,"d":"2,385.00"},{"v":1908,"d":"1,908.00"},{"v":1908,"d":"1,908.00"},{"v":7950,"d":"7,950.00"},"劳工，斧头，立白"]
[27,"清洁类","洗洁精","500g",480,{"$nulls":3},300,{"$nulls":6},17,30,40,10,3,80,"瓶",13,{"v":6240,"d":"6,240.00"},{"v":3900,"d":"3,900.00"},{"v":221,"d":"221.00"},{"v":390,"d":"390.00"},{"v":520,"d":"520.00"},{"v":130,"d":"130.00"},{"v":39,"d":"39.00"},{"v":1040,"d":"1,040.00"},"劳工，斧头，立白"]
[28,"清洁类","洁厕精","900ml，适用于陶瓷",493,{"$nulls":3},300,{"$nulls":6},60,60,30,18,25,0,"支",10,{"v":4930,"d":"4,930.00"},{"v":3000,"d":"3,000.00"},{"v":600,"d":"600.00"},{"v":600,"d":"600.00"},{"v":300,"d":"300.00"},{"v":180,"d":"180.00"},{"v":250,"d":"250.00"},{"v":0,"d":"0.00"},"浪奇、威猛先生、蓝月亮"]
[29,"空气净化类","空气清新剂","400ml；日照森林味",150,{"$nulls":10},30,0,50,50,null,20,"瓶",18,{"v":2700,"d":"2,700.00"},{"v":0,"d":"0.00"},{"v":540,"d":"540.00"},{"v":0,"d":"0.00"},{"v":900,"d":"900.00"},{"v":900,"d":"900.00"},{"v":0,"d":"0.00"},{"v":360,"d":"360.00"},"任意品牌"]
[30,"空气净化类","空气清新剂","300ML,14cm*6.5cm，混合型，补充液",650,{"$nulls":3},500,{"$nulls":6},0,0,50,0,20,80,"瓶",21,{"v":13650,"d":"13,650.00"},{"v":10500,"d":"10,500.00"},{"v":0,"d":"0.00"},{"v":0,"d":"0.00"},{"v":1050,"d":"1,050.00"},{"v":0,"d":"0.00"},{"v":420,"d":"420.00"},{"v":1680,"d":"1,680.00"},"沃瑞、绿之源、蒂菲森"]
[31,"空气净化类","小便池除臭芳香球","30大粒装",325,{"$nulls":3},300,{"$nulls":6},5,0,null,0,20,null,"包",37,{"v":12025,"d":"12,025.00"},{"v":11100,"d":"11,100.00"},{"v":185,"d":"185.00"},{"v":0,"d":"0.00"},{"v":0,"d":"0.00"},{"v":0,"d":"0.00"},{"v":740,"d":"740.00"},{"v":0,"d":"0.00"},"任意品牌"]
[32,null,"杀虫水","raid杀飞虫气雾剂无香600ML*24支",27,{"$nulls":3},3,{"$nulls":6},10,3,2,1,6,2,"箱",600,{"v":16200,"d":"16,200.00"},{"v":1800,"d":"1,800.00"},{"v":6000,"d":"6,000.00"},{"v":1800,"d":"1,800.00"},{"v":1200,"d":"1,200.00"},{"v":600,"d":"600.00"},{"v":3600,"d":"3,600.00"},{"v":1200,"d":"1,200.00"},"榄菊、雷达、安速"]
[33,"清洁类","碧丽珠 ","330ml",230,{"$nulls":3},150,{"$nulls":6},0,0,30,0,null,50,"瓶",32,{"v":7360,"d":"7,360.00"},{"v":4800,"d":"4,800.00"},{"v":0,"d":"0.00"},{"v":0,"d":"0.00"},{"v":960,"d":"960.00"},{"v":0,"d":"0.00"},{"v":0,"d":"0.00"},{"v":1600,"d":"1,600.00"}]
[34,"清洁类","威猛先生下水道疏通剂","500g",99,{"$nulls":3},3,{"$nulls":6},0,60,30,1,5,null,"瓶",{"v":20,"d":"20.00"},{"v":1980,"d":"1,980.00"},{"v":60,"d":"60.00"},{"v":0,"d":"0.00"},{"v":1200,"d":"1,200.00"},{"v":600,"d":"600.00"},{"v":20,"d":"20.00"},{"v":100,"d":"100.00"},{"v":0,"d":"0.00"}]
[35,"清洁类","威猛先生油污净","500G+500G；1*12组",4,{"$nulls":10},0,2,null,0,2,null,"件",{"v":300,"d":"300.00"},{"v":1200,"d":"1,200.00"},{"v":0,"d":"0.00"},{"v":0,"d":"0.00"},{"v":600,"d":"600.00"},{"v":0,"d":"0.00"},{"v":0,"d":"0.00"},{"v":600,"d":"600.00"},{"v":0,"d":"0.00"},"任意品牌"]
[36,null,"透明玻璃胶","透明玻璃胶 密封胶 中性硅酮耐候胶 填缝胶280ML",44,{"$nulls":10},0,0,10,12,2,20,"支",{"v":16,"d":"16.00"},{"v":704,"d":"704.00"},{"v":0,"d":"0.00"},{"v":0,"d":"0.00"},{"v":0,"d":"0.00"},{"v":160,"d":"160.00"},{"v":192,"d":"192.00"},{"v":32,"d":"32.00"},{"v":320,"d":"320.00"},"任意品牌"]
[37,null,"除胶剂","罐容量：450ml（净含量：280g）",35,{"$nulls":10},3,3,10,8,1,10,"罐",{"v":69,"d":"69.00"},{"v":2415,"d":"2,415.00"},{"v":0,"d":"0.00"},{"v":207,"d":"207.00"},{"v":207,"d":"207.00"},{"v":690,"d":"690.00"},{"v":552,"d":"552.00"},{"v":69,"d":"69.00"},{"v":690,"d":"690.00"},"任意品牌"]
[38,"粘贴类","瓷砖胶","塑钢泥防水防霉瓷砖胶卫生间防水补漏瓷砖胶马桶密封玻璃胶厨房瓷砖美缝剂填缝胶 塑钢泥110ML",23,{"$nulls":10},0,5,10,1,2,5,"包",{"v":35,"d":"35.00"},{"v":805,"d":"805.00"},{"v":0,"d":"0.00"},{"v":0,"d":"0.00"},{"v":175,"d":"175.00"},{"v":350,"d":"350.00"},{"v":35,"d":"35.00"},{"v":70,"d":"70.00"},{"v":175,"d":"175.00"},"任意品牌"]
[39,"清洁类","地板清洁剂"," 地板清洁剂 2kg/瓶 柠檬香不刺鼻 去污除菌 木地板瓷砖大理石等多场",127,{"$nulls":10},0,20,30,0,57,20,"瓶",{"v":26,"d":"26.00"},{"v":3302,"d":"3,302.00"},{"v":0,"d":"0.00"},{"v":0,"d":"0.00"},{"v":520,"d":"520.00"},{"v":780,"d":"780.00"},{"v":0,"d":"0.00"},{"v":1482,"d":"1,482.00"},{"v":520,"d":"520.00"},"任意品牌"]
[40,"清洁类","不锈钢清洁光亮剂","2kg以上",12,{"$nulls":10},0,3,5,1,null,3,"桶",{"v":50,"d":"50.00"},{"v":600,"d":"600.00"},{"v":0,"d":"0.00"},{"v":0,"d":"0.00"},{"v":150,"d":"150.00"},{"v":250,"d":"250.00"},{"v":50,"d":"50.00"},{"v":0,"d":"0.00"},{"v":150,"d":"150.00"},"任意品牌"]
[41,null,"玻璃净亮水","500ml，有喷头",133,{"$nulls":3},60,{"$nulls":6},6,20,30,5,2,10,"瓶",20,{"v":2660,"d":"2,660.00"},{"v":1200,"d":"1,200.00"},{"v":120,"d":"120.00"},{"v":400,"d":"400.00"},{"v":600,"d":"600.00"},{"v":100,"d":"100.00"},{"v":40,"d":"40.00"},{"v":200,"d":"200.00"},"任意品牌"]
[42,null,"直柄雨伞","32寸安全开关直骨伞；190深蓝色黑胶布；印刷白色字体;纽扣式",507,{"$nulls":3},120,{"$nulls":3},5,null,null,105,60,50,80,27,60,"把",45,{"v":22815,"d":"22,815.00"},{"v":5625,"d":"5,625.00"},{"v":4725,"d":"4,725.00"},{"v":2700,"d":"2,700.00"},{"v":2250,"d":"2,250.00"},{"v":3600,"d":"3,600.00"},{"v":1215,"d":"1,215.00"},{"v":2700,"d":"2,700.00"},"任意品牌"]
[43,"打包类","一次性杯子","纸杯，50只装/包，270ml，加厚款",1050,null,null,8,500,5,null,null,10,10,5,48,50,100,192,22,100,"包",15,{"v":15750,"d":"15,750.00"},{"v":8070,"d":"8,070.00"},{"v":720,"d":"720.00"},{"v":750,"d":"750.00"},{"v":1500,"d":"1,500.00"},{"v":2880,"d":"2,880.00"},{"v":330,"d":"330.00"},{"v":1500,"d":"1,500.00"},"任意品牌"]
[44,null,"牙签","双头、竹木，200枚/包",521,{"$nulls":3},300,5,{"$nulls":5},17,40,50,27,32,50,"包",3,{"v":1563,"d":"1,563.00"},{"v":915,"d":"915.00"},{"v":51,"d":"51.00"},{"v":120,"d":"120.00"},{"v":150,"d":"150.00"},{"v":81,"d":"81.00"},{"v":96,"d":"96.00"},{"v":150,"d":"150.00"},"任意品牌"]
[45,null,"牙签筒","双枪",98,{"$nulls":4},2,{"$nulls":5},26,20,20,10,null,20,"个",3,{"v":294,"d":"294.00"},{"v":6,"d":"6.00"},{"v":78,"d":"78.00"},{"v":60,"d":"60.00"},{"v":60,"d":"60.00"},{"v":30,"d":"30.00"},{"v":0,"d":"0.00"},{"v":60,"d":"60.00"},"任意品牌"]
[46,null,"厨师帽","白色；透气松紧网帽",63,{"$nulls":3},30,{"$nulls":6},0,0,12,1,null,20,"顶",14,{"v":882,"d":"882.00"},{"v":420,"d":"420.00"},{"v":0,"d":"0.00"},{"v":0,"d":"0.00"},{"v":168,"d":"168.00"},{"v":14,"d":"14.00"},{"v":0,"d":"0.00"},{"v":280,"d":"280.00"},"任意品牌"]
[47,null,"厨师服","短袖，白色；双排扣",35,{"$nulls":3},10,{"$nulls":6},0,0,12,1,null,12,"件",50,{"v":1750,"d":"1,750.00"},{"v":500,"d":"500.00"},{"v":0,"d":"0.00"},{"v":0,"d":"0.00"},{"v":600,"d":"600.00"},{"v":50,"d":"50.00"},{"v":0,"d":"0.00"},{"v":600,"d":"600.00"},"任意品牌"]
[48,null,"厨师服","长袖，白色；；双排扣",35,{"$nulls":3},10,{"$nulls":6},0,0,12,1,null,12,"件",30,{"v":1050,"d":"1,050.00"},{"v":300,"d":"300.00"},{"v":0,"d":"0.00"},{"v":0,"d":"0.00"},{"v":360,"d":"360.00"},{"v":30,"d":"30.00"},{"v":0,"d":"0.00"},{"v":360,"d":"360.00"},"任意品牌"]
[49,"洗手间类","尿斗香块","5个装",281,{"$nulls":3},200,{"$nulls":6},16,10,40,15,null,null,"盒",60,{"v":16860,"d":"16,860.00"},{"v":12000,"d":"12,000.00"},{"v":960,"d":"960.00"},{"v":600,"d":"600.00"},{"v":2400,"d":"2,400.00"},{"v":900,"d":"900.00"},{"v":0,"d":"0.00"},{"v":0,"d":"0.00"},"春风、绿之源"]
[50,null,"盆子","38cm，塑料",26,{"$nulls":3},8,{"$nulls":6},5,0,null,0,5,8,"个",10,{"v":260,"d":"260.00"},{"v":80,"d":"80.00"},{"v":50,"d":"50.00"},{"v":0,"d":"0.00"},{"v":0,"d":"0.00"},{"v":0,"d":"0.00"},{"v":50,"d":"50.00"},{"v":80,"d":"80.00"},"任意品牌"]
[51,null,"蚊香","大盘无烟型蚊香40单圈+蚊香座/盒",154,{"$nulls":3},50,{"$nulls":6},18,0,30,36,null,20,"盒",20,{"v":3080,"d":"3,080.00"},{"v":1000,"d":"1,000.00"},{"v":360,"d":"360.00"},{"v":0,"d":"0.00"},{"v":600,"d":"600.00"},{"v":720,"d":"720.00"},{"v":0,"d":"0.00"},{"v":400,"d":"400.00"},"任意品牌"]
[52,null,"檀香（厕所专用）","120单盘+金属底座/盒",26,{"$nulls":10},0,20,null,0,6,null,"盒",50,{"v":1300,"d":"1,300.00"},{"v":0,"d":"0.00"},{"v":0,"d":"0.00"},{"v":1000,"d":"1,000.00"},{"v":0,"d":"0.00"},{"v":0,"d":"0.00"},{"v":300,"d":"300.00"},{"v":0,"d":"0.00"},"任意品牌"]
[53,null,"地垫（厨房炒菜间使用）","绒面环保材质，黑灰色，吸水防滑，厨房用，可不包边，180*100cm",14,{"$nulls":3},2,{"$nulls":6},4,8,null,0,null,null,"块",110,{"v":1540,"d":"1,540.00"},{"v":220,"d":"220.00"},{"v":440,"d":"440.00"},{"v":880,"d":"880.00"},{"v":0,"d":"0.00"},{"v":0,"d":"0.00"},{"v":0,"d":"0.00"},{"v":0,"d":"0.00"},"任意品牌"]
[54,null,"地垫（厨房炒菜间使用）","绒面环保材质，黑灰色，吸水防滑，厨房用，可不包边，130*100cm",12,{"$nulls":3},2,{"$nulls":6},0,8,null,2,null,null,"块",95,{"v":1140,"d":"1,140.00"},{"v":190,"d":"190.00"},{"v":0,"d":"0.00"},{"v":760,"d":"760.00"},{"v":0,"d":"0.00"},{"v":190,"d":"190.00"},{"v":0,"d":"0.00"},{"v":0,"d":"0.00"},"任意品牌"]
[55,null,"地垫（厨房炒菜间使用）","绒面环保材质，黑灰色，吸水防滑，厨房用，可不包边，80*60cm",2,{"$nulls":3},2,{"$nulls":6},0,0,null,0,null,null,"块",45,{"v":90,"d":"90.00"},{"v":90,"d":"90.00"},{"v":0,"d":"0.00"},{"v":0,"d":"0.00"},{"v":0,"d":"0.00"},{"v":0,"d":"0.00"},{"v":0,"d":"0.00"},{"v":0,"d":"0.00"},"任意品牌"]
[56,null,"地垫（一楼洗手间门口使用）","绒面环保材质，全艳红色，吸水防滑，可不包边，80*60cm",12,{"$nulls":3},2,{"$nulls":6},8,0,null,2,null,null,"块",45,{"v":540,"d":"540.00"},{"v":90,"d":"90.00"},{"v":360,"d":"360.00"},{"v":0,"d":"0.00"},{"v":0,"d":"0.00"},{"v":90,"d":"90.00"},{"v":0,"d":"0.00"},{"v":0,"d":"0.00"},"任意品牌"]
[57,null,"地垫（三楼洗手间门口使用）","绒面环保材质，全艳红色，吸水防滑，大堂用，可不包边，130*185cm",2,{"$nulls":3},2,{"$nulls":6},0,0,null,0,null,null,"块",160,{"v":320,"d":"320.00"},{"v":320,"d":"320.00"},{"v":0,"d":"0.00"},{"v":0,"d":"0.00"},{"v":0,"d":"0.00"},{"v":0,"d":"0.00"},{"v":0,"d":"0.00"},{"v":0,"d":"0.00"},"任意品牌"]
[58,null,"地垫（过道门口使用）","绒面环保材质，全艳红色，吸水防滑，大堂用，可不包边，150*90cm",3,{"$nulls":3},2,{"$nulls":6},0,0,null,1,null,null,"块",120,{"v":360,"d":"360.00"},{"v":240,"d":"240.00"},{"v":0,"d":"0.00"},{"v":0,"d":"0.00"},{"v":0,"d":"0.00"},{"v":120,"d":"120.00"},{"v":0,"d":"0.00"},{"v":0,"d":"0.00"},"任意品牌"]
[59,null,"地垫（饭堂仓库旁楼梯口使用）","绒面环保材质，全艳红色，吸水防滑，大堂用，可不包边，140*90cm",2,{"$nulls":3},2,{"$nulls":6},0,0,null,0,null,null,"块",110,{"v":220,"d":"220.00"},{"v":220,"d":"220.00"},{"v":0,"d":"0.00"},{"v":0,"d":"0.00"},{"v":0,"d":"0.00"},{"v":0,"d":"0.00"},{"v":0,"d":"0.00"},{"v":0,"d":"0.00"},"任意品牌"]
[60,null,"地垫（一楼大堂门口使用）","绒面环保材质，全艳红色，吸水防滑，大堂用，可不包边，350*180cm",3,{"$nulls":3},2,{"$nulls":6},0,0,null,1,null,null,"块",350,{"v":1050,"d":"1,050.00"},{"v":700,"d":"700.00"},{"v":0,"d":"0.00"},{"v":0,"d":"0.00"},{"v":0,"d":"0.00"},{"v":350,"d":"350.00"},{"v":0,"d":"0.00"},{"v":0,"d":"0.00"},"任意品牌"]
[61,null,"地垫（二楼洗手间门口使用）","绒面环保材质，全艳红色，吸水防滑，大堂用，可不包边，150*200cm",10,{"$nulls":3},2,{"$nulls":6},0,0,8,0,null,null,"块",180,{"v":1800,"d":"1,800.00"},{"v":360,"d":"360.00"},{"v":0,"d":"0.00"},{"v":0,"d":"0.00"},{"v":1440,"d":"1,440.00"},{"v":0,"d":"0.00"},{"v":0,"d":"0.00"},{"v":0,"d":"0.00"},"任意品牌"]
[62,null,"地垫","宽1米，长4米；防滑",5,{"$nulls":10},4,0,null,1,null,null,"块",100,{"v":500,"d":"500.00"},{"v":0,"d":"0.00"},{"v":400,"d":"400.00"},{"v":0,"d":"0.00"},{"v":0,"d":"0.00"},{"v":100,"d":"100.00"},{"v":0,"d":"0.00"},{"v":0,"d":"0.00"},"任意品牌"]
[63,null,"地垫","宽0.8米，长1.2米；防滑",0,{"$nulls":10},0,0,null,0,null,null,"块",{"v":35,"d":"35.00"},{"v":0,"d":"0.00"},{"v":0,"d":"0.00"},{"v":0,"d":"0.00"},{"v":0,"d":"0.00"},{"v":0,"d":"0.00"},{"v":0,"d":"0.00"},{"v":0,"d":"0.00"},{"v":0,"d":"0.00"},"任意品牌"]
[64,null,"地垫(大堂门口使用)","丝卷材质，加厚，艳红无字，不包边可裁剪，200cm*150cm",6,{"$nulls":10},0,6,null,0,null,null,"块",{"v":180,"d":"180.00"},{"v":1080,"d":"1,080.00"},{"v":0,"d":"0.00"},{"v":0,"d":"0.00"},{"v":1080,"d":"1,080.00"},{"v":0,"d":"0.00"},{"v":0,"d":"0.00"},{"v":0,"d":"0.00"},{"v":0,"d":"0.00"},"任意品牌"]
[65,null,"洗手台收纳盘","20cm*29cm；长方形；人造石；白色大理石纹",0,{"$nulls":10},0,0,null,0,null,null,"个",125,{"v":0,"d":"0.00"},{"v":0,"d":"0.00"},{"v":0,"d":"0.00"},{"v":0,"d":"0.00"},{"v":0,"d":"0.00"},{"v":0,"d":"0.00"},{"v":0,"d":"0.00"},{"v":0,"d":"0.00"},"任意品牌"]
[66,null,"保温壶","304不锈钢；1.2L",30,{"$nulls":10},11,0,null,5,4,10,"个",220,{"v":6600,"d":"6,600.00"},{"v":0,"d":"0.00"},{"v":2420,"d":"2,420.00"},{"v":0,"d":"0.00"},{"v":0,"d":"0.00"},{"v":1100,"d":"1,100.00"},{"v":880,"d":"880.00"},{"v":2200,"d":"2,200.00"},"任意品牌"]
[67,null,"水桶","容量24L",57,{"$nulls":10},25,8,null,0,4,20,"个",26,{"v":1482,"d":"1,482.00"},{"v":0,"d":"0.00"},{"v":650,"d":"650.00"},{"v":208,"d":"208.00"},{"v":0,"d":"0.00"},{"v":0,"d":"0.00"},{"v":104,"d":"104.00"},{"v":520,"d":"520.00"},"任意品牌"]
[68,null,"车载手机支架","卡扣式 吸盘式 重力支撑",166,{"$nulls":3},30,{"$nulls":6},30,30,30,16,null,30,"个",35,{"v":5810,"d":"5,810.00"},{"v":1050,"d":"1,050.00"},{"v":1050,"d":"1,050.00"},{"v":1050,"d":"1,050.00"},{"v":1050,"d":"1,050.00"},{"v":560,"d":"560.00"},{"v":0,"d":"0.00"},{"v":1050,"d":"1,050.00"},"任意品牌"]
[69,null,"全自动老鼠笼",null,22,{"$nulls":10},2,20,null,0,null,null,"个",18,{"v":396,"d":"396.00"},{"v":0,"d":"0.00"},{"v":36,"d":"36.00"},{"v":360,"d":"360.00"},{"v":0,"d":"0.00"},{"v":0,"d":"0.00"},{"v":0,"d":"0.00"},{"v":0,"d":"0.00"},"任意品牌"]
[70,null,"扫帚",null,264,{"$nulls":3},60,{"$nulls":6},42,50,30,24,28,30,"把",10,{"v":2640,"d":"2,640.00"},{"v":600,"d":"600.00"},{"v":420,"d":"420.00"},{"v":500,"d":"500.00"},{"v":300,"d":"300.00"},{"v":240,"d":"240.00"},{"v":280,"d":"280.00"},{"v":300,"d":"300.00"},"任意品牌"]
[71,null,"排拖","90cm",116,{"$nulls":3},30,{"$nulls":6},10,10,30,16,null,20,"把",50,{"v":5800,"d":"5,800.00"},{"v":1500,"d":"1,500.00"},{"v":500,"d":"500.00"},{"v":500,"d":"500.00"},{"v":1500,"d":"1,500.00"},{"v":800,"d":"800.00"},{"v":0,"d":"0.00"},{"v":1000,"d":"1,000.00"},"任意品牌"]
[72,null,"排拖","60cm",201,{"$nulls":3},60,{"$nulls":6},20,20,50,5,16,30,"把",45,{"v":9045,"d":"9,045.00"},{"v":2700,"d":"2,700.00"},{"v":900,"d":"900.00"},{"v":900,"d":"900.00"},{"v":2250,"d":"2,250.00"},{"v":225,"d":"225.00"},{"v":720,"d":"720.00"},{"v":1350,"d":"1,350.00"},"任意品牌"]
[73,null,"围裙","加厚，防水防油复合皮",266,{"$nulls":3},150,{"$nulls":6},0,30,30,5,21,30,"条",10,{"v":2660,"d":"2,660.00"},{"v":1500,"d":"1,500.00"},{"v":0,"d":"0.00"},{"v":300,"d":"300.00"},{"v":300,"d":"300.00"},{"v":50,"d":"50.00"},{"v":210,"d":"210.00"},{"v":300,"d":"300.00"},"任意品牌"]
[74,null,"圆拖把","普通，木柄",195,{"$nulls":3},50,{"$nulls":6},20,40,30,10,25,20,"把",18,{"v":3510,"d":"3,510.00"},{"v":900,"d":"900.00"},{"v":360,"d":"360.00"},{"v":720,"d":"720.00"},{"v":540,"d":"540.00"},{"v":180,"d":"180.00"},{"v":450,"d":"450.00"},{"v":360,"d":"360.00"},"任意品牌"]
[75,null,"马桶刷","不锈钢柄，配底座",147,{"$nulls":3},50,{"$nulls":6},10,10,30,17,30,null,"个",12,{"v":1764,"d":"1,764.00"},{"v":600,"d":"600.00"},{"v":120,"d":"120.00"},{"v":120,"d":"120.00"},{"v":360,"d":"360.00"},{"v":204,"d":"204.00"},{"v":360,"d":"360.00"},{"v":0,"d":"0.00"},"任意品牌"]
[76,null,"硬地刷","柄120cm，刷头宽28~32cm",45,{"$nulls":3},30,{"$nulls":7},15,{"$nulls":4},"把",45,{"v":2025,"d":"2,025.00"},{"v":1350,"d":"1,350.00"},{"v":0,"d":"0.00"},{"v":675,"d":"675.00"},{"v":0,"d":"0.00"},{"v":0,"d":"0.00"},{"v":0,"d":"0.00"},{"v":0,"d":"0.00"},"任意品牌","=DISPIMG(\"ID_4C68220661F74C0999D58AF69CB5CADB\",1)"]
[77,null,"飘逸壶","500ML",108,{"$nulls":3},30,2,{"$nulls":5},16,15,10,12,8,15,"个",30,{"v":3240,"d":"3,240.00"},{"v":960,"d":"960.00"},{"v":480,"d":"480.00"},{"v":450,"d":"450.00"},{"v":300,"d":"300.00"},{"v":360,"d":"360.00"},{"v":240,"d":"240.00"},{"v":450,"d":"450.00"},"任意品牌"]
[78,"厨房工具","不锈钢夹子","不锈钢，长度24CM",34,{"$nulls":3},10,{"$nulls":6},4,3,2,5,4,6,"把",16,{"v":544,"d":"544.00"},{"v":160,"d":"160.00"},{"v":64,"d":"64.00"},{"v":48,"d":"48.00"},{"v":32,"d":"32.00"},{"v":80,"d":"80.00"},{"v":64,"d":"64.00"},{"v":96,"d":"96.00"},"任意品牌"]
[79,"厨房工具","不锈钢水勺","不锈钢，长度38CM",21,{"$nulls":3},10,{"$nulls":6},2,2,2,0,3,2,"把",28,{"v":588,"d":"588.00"},{"v":280,"d":"280.00"},{"v":56,"d":"56.00"},{"v":56,"d":"56.00"},{"v":56,"d":"56.00"},{"v":0,"d":"0.00"},{"v":84,"d":"84.00"},{"v":56,"d":"56.00"},"任意品牌"]
[80,"厨房工具","木手柄不锈钢汤勺","木手柄头、手柄是不锈钢，长度50CM",23,{"$nulls":3},5,{"$nulls":6},4,4,2,1,4,3,"把",24.5,{"v":563.5,"d":"563.50"},{"v":122.5,"d":"122.50"},{"v":98,"d":"98.00"},{"v":98,"d":"98.00"},{"v":49,"d":"49.00"},{"v":24.5,"d":"24.50"},{"v":98,"d":"98.00"},{"v":73.5,"d":"73.50"},"任意品牌"]
[81,"厨房工具","不锈钢炒菜铲","木手柄头、手柄是不锈钢，长度45CM",14,{"$nulls":3},5,{"$nulls":6},0,3,null,1,2,3,"把",28,{"v":392,"d":"392.00"},{"v":140,"d":"140.00"},{"v":0,"d":"0.00"},{"v":84,"d":"84.00"},{"v":0,"d":"0.00"},{"v":28,"d":"28.00"},{"v":56,"d":"56.00"},{"v":84,"d":"84.00"},"任意品牌"]
[82,"厨房工具","不锈钢汤勺","不锈钢、长度46CM",13,{"$nulls":10},2,2,2,1,3,3,"把",28,{"v":364,"d":"364.00"},{"v":0,"d":"0.00"},{"v":56,"d":"56.00"},{"v":56,"d":"56.00"},{"v":56,"d":"56.00"},{"v":28,"d":"28.00"},{"v":84,"d":"84.00"},{"v":84,"d":"84.00"},"任意品牌"]
[83,"厨房工具","不锈钢汤勺","不锈钢、长度35CM",10,{"$nulls":3},5,{"$nulls":6},0,0,null,0,2,3,"把",24,{"v":240,"d":"240.00"},{"v":120,"d":"120.00"},{"v":0,"d":"0.00"},{"v":0,"d":"0.00"},{"v":0,"d":"0.00"},{"v":0,"d":"0.00"},{"v":48,"d":"48.00"},{"v":72,"d":"72.00"},"任意品牌"]
[84,"厨房工具","木手柄、不锈钢炒菜","手柄是木，铲是不锈钢长度87CM",8,{"$nulls":3},1,{"$nulls":6},0,2,null,0,2,3,"把",35,{"v":280,"d":"280.00"},{"v":35,"d":"35.00"},{"v":0,"d":"0.00"},{"v":70,"d":"70.00"},{"v":0,"d":"0.00"},{"v":0,"d":"0.00"},{"v":70,"d":"70.00"},{"v":105,"d":"105.00"},"任意品牌"]
[85,"厨房工具","不锈钢漏勺","不锈钢、长度50CM",11,{"$nulls":10},4,1,2,1,1,2,"把",42,{"v":462,"d":"462.00"},{"v":0,"d":"0.00"},{"v":168,"d":"168.00"},{"v":42,"d":"42.00"},{"v":84,"d":"84.00"},{"v":42,"d":"42.00"},{"v":42,"d":"42.00"},{"v":84,"d":"84.00"},"任意品牌"]
[86,"厨房工具","不锈钢过滤网筛","不锈钢，长度56CM",22,{"$nulls":3},10,{"$nulls":6},4,3,null,1,2,2,"把",38,{"v":836,"d":"836.00"},{"v":380,"d":"380.00"},{"v":152,"d":"152.00"},{"v":114,"d":"114.00"},{"v":0,"d":"0.00"},{"v":38,"d":"38.00"},{"v":76,"d":"76.00"},{"v":76,"d":"76.00"},"任意品牌"]
[87,"厨房工具","不锈钢竹柄漏勺","竹把柄，不锈钢网兜长度68CM",28,{"$nulls":3},20,{"$nulls":6},4,3,null,0,1,null,"把",35,{"v":980,"d":"980.00"},{"v":700,"d":"700.00"},{"v":140,"d":"140.00"},{"v":105,"d":"105.00"},{"v":0,"d":"0.00"},{"v":0,"d":"0.00"},{"v":35,"d":"35.00"},{"v":0,"d":"0.00"},"任意品牌"]
[88,"厨房工具","不锈钢碗筷","双层加厚隔热，成人食堂适用",390,{"$nulls":10},60,50,70,80,50,80,"套",16,{"v":6240,"d":"6,240.00"},{"v":0,"d":"0.00"},{"v":960,"d":"960.00"},{"v":800,"d":"800.00"},{"v":1120,"d":"1,120.00"},{"v":1280,"d":"1,280.00"},{"v":800,"d":"800.00"},{"v":1280,"d":"1,280.00"},"任意品牌"]
[89,"厨房工具","不锈钢餐盘","方型加厚，五格，成人食堂适用",460,{"$nulls":3},100,{"$nulls":6},70,50,70,120,null,50,"个",30,{"v":13800,"d":"13,800.00"},{"v":3000,"d":"3,000.00"},{"v":2100,"d":"2,100.00"},{"v":1500,"d":"1,500.00"},{"v":2100,"d":"2,100.00"},{"v":3600,"d":"3,600.00"},{"v":0,"d":"0.00"},{"v":1500,"d":"1,500.00"},"任意品牌"]
[90,"厨房工具","骨刀",null,13,{"$nulls":3},5,{"$nulls":6},1,0,1,1,2,3,"把",150,{"v":1950,"d":"1,950.00"},{"v":750,"d":"750.00"},{"v":150,"d":"150.00"},{"v":0,"d":"0.00"},{"v":150,"d":"150.00"},{"v":150,"d":"150.00"},{"v":300,"d":"300.00"},{"v":450,"d":"450.00"},"阳江十八子"]
[91,"厨房工具","肉刀",null,19,{"$nulls":3},10,{"$nulls":6},1,1,1,1,2,3,"把",85,{"v":1615,"d":"1,615.00"},{"v":850,"d":"850.00"},{"v":85,"d":"85.00"},{"v":85,"d":"85.00"},{"v":85,"d":"85.00"},{"v":85,"d":"85.00"},{"v":170,"d":"170.00"},{"v":255,"d":"255.00"},"百年利记"]
[92,"厨房工具","大削皮刀","不锈钢、木手柄",10,{"$nulls":10},0,0,null,2,6,2,"把",12,{"v":120,"d":"120.00"},{"v":0,"d":"0.00"},{"v":0,"d":"0.00"},{"v":0,"d":"0.00"},{"v":0,"d":"0.00"},{"v":24,"d":"24.00"},{"v":72,"d":"72.00"},{"v":24,"d":"24.00"},"任意品牌"]
[93,"厨房工具","小削皮刀",null,10,{"$nulls":10},0,0,null,2,6,2,"把",6,{"v":60,"d":"60.00"},{"v":0,"d":"0.00"},{"v":0,"d":"0.00"},{"v":0,"d":"0.00"},{"v":0,"d":"0.00"},{"v":12,"d":"12.00"},{"v":36,"d":"36.00"},{"v":12,"d":"12.00"},"任意品牌"]
[94,"厨房工具","洗杯刷","长款：长30CM，海绵头",214,{"$nulls":3},200,{"$nulls":6},5,0,null,5,2,2,"个",7,{"v":1498,"d":"1,498.00"},{"v":1400,"d":"1,400.00"},{"v":35,"d":"35.00"},{"v":0,"d":"0.00"},{"v":0,"d":"0.00"},{"v":35,"d":"35.00"},{"v":14,"d":"14.00"},{"v":14,"d":"14.00"},"任意品牌"]
[95,"厨房工具","不锈钢水槽盖子","直径80mm，黑色垫圈约55mm，杆粗约8mm",64,{"$nulls":10},0,0,null,0,64,null,"个",12,{"v":768,"d":"768.00"},{"v":0,"d":"0.00"},{"v":0,"d":"0.00"},{"v":0,"d":"0.00"},{"v":0,"d":"0.00"},{"v":0,"d":"0.00"},{"v":768,"d":"768.00"},{"v":0,"d":"0.00"},"任意品牌"]
[96,"厨房工具","洗菜篮子沥水篮","圆形塑料加厚 C-1 直径41cm*高13.5cm",42,{"$nulls":10},0,10,null,15,12,5,"个",29.9,{"v":1255.8,"d":"1,255.80"},{"v":0,"d":"0.00"},{"v":0,"d":"0.00"},{"v":299,"d":"299.00"},{"v":0,"d":"0.00"},{"v":448.5,"d":"448.50"},{"v":358.79999999999995,"d":"358.80"},{"v":149.5,"d":"149.50"},"任意品牌"]
[97,null,"收纳箱","容量68L",107,{"$nulls":10},36,0,20,27,4,20,"个",{"v":38,"d":"38.00"},{"v":4066,"d":"4,066.00"},{"v":0,"d":"0.00"},{"v":1368,"d":"1,368.00"},{"v":0,"d":"0.00"},{"v":760,"d":"760.00"},{"v":1026,"d":"1,026.00"},{"v":152,"d":"152.00"},{"v":760,"d":"760.00"},"任意品牌"]
[98,"清洁类","垃圾桶","10升；圆形；脚踏式",4,{"$nulls":10},0,0,null,2,null,2,"个",120,{"v":480,"d":"480.00"},{"v":0,"d":"0.00"},{"v":0,"d":"0.00"},{"v":0,"d":"0.00"},{"v":0,"d":"0.00"},{"v":240,"d":"240.00"},{"v":0,"d":"0.00"},{"v":240,"d":"240.00"},"任意品牌"]
[99,null,"垃圾篓","家用大号软塑干湿分类压圈垃圾桶圆形纸篓垃圾筒12L YZ-GB105",120,{"$nulls":10},25,20,null,20,35,20,"个",{"v":8,"d":"8.00"},{"v":960,"d":"960.00"},{"v":0,"d":"0.00"},{"v":200,"d":"200.00"},{"v":160,"d":"160.00"},{"v":0,"d":"0.00"},{"v":160,"d":"160.00"},{"v":280,"d":"280.00"},{"v":160,"d":"160.00"},"任意品牌"]
[100,"清洁类","拖把桶","塑料桶加大手压拖布桶脱水篮44*32*30cm",47,{"$nulls":10},15,8,null,10,9,5,"个",40,{"v":1880,"d":"1,880.00"},{"v":0,"d":"0.00"},{"v":600,"d":"600.00"},{"v":320,"d":"320.00"},{"v":0,"d":"0.00"},{"v":400,"d":"400.00"},{"v":360,"d":"360.00"},{"v":200,"d":"200.00"},"任意品牌"]
[101,"收纳类","塑料周转箱","收纳箱物料盒收纳盒 蓝色650*400*150",94,{"$nulls":10},22,20,20,12,null,20,"个",60,{"v":5640,"d":"5,640.00"},{"v":0,"d":"0.00"},{"v":1320,"d":"1,320.00"},{"v":1200,"d":"1,200.00"},{"v":1200,"d":"1,200.00"},{"v":720,"d":"720.00"},{"v":0,"d":"0.00"},{"v":1200,"d":"1,200.00"},"任意品牌"]
[102,"胶袋类","保鲜自封袋","6号 12*17cm 100只装",78,{"$nulls":3},20,{"$nulls":6},2,4,null,4,28,20,"包",12.9,{"v":1006.2,"d":"1,006.20"},{"v":258,"d":"258.00"},{"v":25.8,"d":"25.80"},{"v":51.6,"d":"51.60"},{"v":0,"d":"0.00"},{"v":51.6,"d":"51.60"},{"v":361.2,"d":"361.20"},{"v":258,"d":"258.00"},"任意品牌"]
[103,null,"保鲜袋","大号，一次性，食品级，连卷平口",60,{"$nulls":11},30,null,30,null,null,"卷",18,{"v":1080,"d":"1,080.00"},{"v":0,"d":"0.00"},{"v":0,"d":"0.00"},{"v":540,"d":"540.00"},{"v":0,"d":"0.00"},{"v":540,"d":"540.00"},{"v":0,"d":"0.00"},{"v":0,"d":"0.00"},"任意品牌","=DISPIMG(\"ID_47B87B27E544457583BFE1773686C095\",1)"]
[104,"厨房工具","保鲜膜","宽30cm，长不少于50米",100,{"$nulls":3},20,{"$nulls":6},10,20,20,4,6,20,"盒",45,{"v":4500,"d":"4,500.00"},{"v":900,"d":"900.00"},{"v":450,"d":"450.00"},{"v":900,"d":"900.00"},{"v":900,"d":"900.00"},{"v":180,"d":"180.00"},{"v":270,"d":"270.00"},{"v":900,"d":"900.00"},"任意品牌"]
[105,"厨房工具","抹布超细纤维","洗洁巾4片装 30*30cm 4544P",220,{"$nulls":3},30,{"$nulls":6},6,20,30,24,80,30,"包",15,{"v":3300,"d":"3,300.00"},{"v":450,"d":"450.00"},{"v":90,"d":"90.00"},{"v":300,"d":"300.00"},{"v":450,"d":"450.00"},{"v":360,"d":"360.00"},{"v":1200,"d":"1,200.00"},{"v":450,"d":"450.00"},"任意品牌"]
[106,"厨房工具","不锈钢清洁球","6只装 去垢去油污",234,{"$nulls":3},100,{"$nulls":6},6,15,30,8,70,5,"包",9,{"v":2106,"d":"2,106.00"},{"v":900,"d":"900.00"},{"v":54,"d":"54.00"},{"v":135,"d":"135.00"},{"v":270,"d":"270.00"},{"v":72,"d":"72.00"},{"v":630,"d":"630.00"},{"v":45,"d":"45.00"},"任意品牌"]
[107,"劳保类","金橡牌水鞋","鞋底：牛筋大底；内里：透气棉布；材质：PVC（男黑色，女白色）",50,{"$nulls":3},20,{"$nulls":6},0,0,null,4,6,20,"双",50,{"v":2500,"d":"2,500.00"},{"v":1000,"d":"1,000.00"},{"v":0,"d":"0.00"},{"v":0,"d":"0.00"},{"v":0,"d":"0.00"},{"v":200,"d":"200.00"},{"v":300,"d":"300.00"},{"v":1000,"d":"1,000.00"},"任意品牌"]
[108,null,"水鞋","鞋底：牛筋大底；内里：透气棉布；37码",4,{"$nulls":11},4,{"$nulls":4},"双",50,{"v":200,"d":"200.00"},{"v":0,"d":"0.00"},{"v":0,"d":"0.00"},{"v":200,"d":"200.00"},{"v":0,"d":"0.00"},{"v":0,"d":"0.00"},{"v":0,"d":"0.00"},{"v":0,"d":"0.00"},"任意品牌"]
[109,null,"水鞋","鞋底：牛筋大底；内里：透气棉布；40码",4,{"$nulls":11},4,{"$nulls":4},"双",50,{"v":200,"d":"200.00"},{"v":0,"d":"0.00"},{"v":0,"d":"0.00"},{"v":200,"d":"200.00"},{"v":0,"d":"0.00"},{"v":0,"d":"0.00"},{"v":0,"d":"0.00"},{"v":0,"d":"0.00"},"任意品牌"]
[110,null,"水鞋","鞋底：牛筋大底；内里：透气棉布；39码",4,{"$nulls":11},4,{"$nulls":4},"双",50,{"v":200,"d":"200.00"},{"v":0,"d":"0.00"},{"v":0,"d":"0.00"},{"v":200,"d":"200.00"},{"v":0,"d":"0.00"},{"v":0,"d":"0.00"},{"v":0,"d":"0.00"},{"v":0,"d":"0.00"},"任意品牌"]
[111,"胶袋类","小垃圾袋","手提式；加厚；黑色背心带；32*52cm；50个",1613,{"$nulls":10},90,300,200,290,583,150,"扎",10,{"v":16130,"d":"16,130.00"},{"v":0,"d":"0.00"},{"v":900,"d":"900.00"},{"v":3000,"d":"3,000.00"},{"v":2000,"d":"2,000.00"},{"v":2900,"d":"2,900.00"},{"v":5830,"d":"5,830.00"},{"v":1500,"d":"1,500.00"},"任意品牌"]
[112,"胶袋类","大垃圾袋","90*100cm；50个；加厚",1269,{"$nulls":10},192,200,200,119,508,50,"扎",35,{"v":44415,"d":"44,415.00"},{"v":0,"d":"0.00"},{"v":6720,"d":"6,720.00"},{"v":7000,"d":"7,000.00"},{"v":7000,"d":"7,000.00"},{"v":4165,"d":"4,165.00"},{"v":17780,"d":"17,780.00"},{"v":1750,"d":"1,750.00"},"任意品牌"]
[113,"胶袋类","垃圾袋","70*83cm，加厚，50只装",315,{"$nulls":10},100,45,null,0,140,30,"扎",30,{"v":9450,"d":"9,450.00"},{"v":0,"d":"0.00"},{"v":3000,"d":"3,000.00"},{"v":1350,"d":"1,350.00"},{"v":0,"d":"0.00"},{"v":0,"d":"0.00"},{"v":4200,"d":"4,200.00"},{"v":900,"d":"900.00"},"任意品牌"]
[114,"清洁类","簸箕","27.5*24.5*10cm",96,{"$nulls":10},20,22,null,19,30,5,"个",13,{"v":1248,"d":"1,248.00"},{"v":0,"d":"0.00"},{"v":260,"d":"260.00"},{"v":286,"d":"286.00"},{"v":0,"d":"0.00"},{"v":247,"d":"247.00"},{"v":390,"d":"390.00"},{"v":65,"d":"65.00"},"任意品牌"]
[115,"清洁类","大水桶","60L， 加厚储水桶 圆形大容量水桶工业水桶",17,{"$nulls":10},2,2,5,1,2,5,"个",100,{"v":1700,"d":"1,700.00"},{"v":0,"d":"0.00"},{"v":200,"d":"200.00"},{"v":200,"d":"200.00"},{"v":500,"d":"500.00"},{"v":100,"d":"100.00"},{"v":200,"d":"200.00"},{"v":500,"d":"500.00"},"任意品牌"]
[116,null,"免打孔挂钩","承重1公斤以上，吸盘免打孔无痕挂钩",857,{"$nulls":3},200,{"$nulls":6},40,80,50,262,25,200,"个",2,{"v":1714,"d":"1,714.00"},{"v":400,"d":"400.00"},{"v":80,"d":"80.00"},{"v":160,"d":"160.00"},{"v":100,"d":"100.00"},{"v":524,"d":"524.00"},{"v":50,"d":"50.00"},{"v":400,"d":"400.00"},"茶花、得力、美丽雅"]
[117,"厨房工具","削皮器",null,24,{"$nulls":10},0,0,10,1,8,5,"把",10,{"v":240,"d":"240.00"},{"v":0,"d":"0.00"},{"v":0,"d":"0.00"},{"v":0,"d":"0.00"},{"v":100,"d":"100.00"},{"v":10,"d":"10.00"},{"v":80,"d":"80.00"},{"v":50,"d":"50.00"},"任意品牌"]
[118,"厨房工具","不锈钢剪刀","厨房用304不锈钢剪刀",49,{"$nulls":3},30,{"$nulls":6},0,2,10,4,3,null,"把",20,{"v":980,"d":"980.00"},{"v":600,"d":"600.00"},{"v":0,"d":"0.00"},{"v":40,"d":"40.00"},{"v":200,"d":"200.00"},{"v":80,"d":"80.00"},{"v":60,"d":"60.00"},{"v":0,"d":"0.00"},"任意品牌"]
[119,"空调配件","立式空调挡风板",null,22,{"$nulls":10},0,2,10,5,2,3,"个",100,{"v":2200,"d":"2,200.00"},{"v":0,"d":"0.00"},{"v":0,"d":"0.00"},{"v":200,"d":"200.00"},{"v":1000,"d":"1,000.00"},{"v":500,"d":"500.00"},{"v":200,"d":"200.00"},{"v":300,"d":"300.00"},"任意品牌"]
[120,"空调配件","中央空调挡风板","（100cm*30cm）",6,{"$nulls":10},0,0,null,6,null,null,"个",100,{"v":600,"d":"600.00"},{"v":0,"d":"0.00"},{"v":0,"d":"0.00"},{"v":0,"d":"0.00"},{"v":0,"d":"0.00"},{"v":600,"d":"600.00"},{"v":0,"d":"0.00"},{"v":0,"d":"0.00"},"任意品牌"]
[121,null,"玻璃胶枪","中号",16,{"$nulls":10},5,0,5,1,null,5,"套",30,{"v":480,"d":"480.00"},{"v":0,"d":"0.00"},{"v":150,"d":"150.00"},{"v":0,"d":"0.00"},{"v":150,"d":"150.00"},{"v":30,"d":"30.00"},{"v":0,"d":"0.00"},{"v":150,"d":"150.00"},"任意品牌"]
[122,null,"玻璃胶帮","中号",5,{"$nulls":10},0,0,null,0,null,5,"根",15,{"v":75,"d":"75.00"},{"v":0,"d":"0.00"},{"v":0,"d":"0.00"},{"v":0,"d":"0.00"},{"v":0,"d":"0.00"},{"v":0,"d":"0.00"},{"v":0,"d":"0.00"},{"v":75,"d":"75.00"},"任意品牌"]
[123,"清洁类","垃圾铲",null,41,{"$nulls":3},30,{"$nulls":6},0,0,null,8,null,3,"个",20,{"v":820,"d":"820.00"},{"v":600,"d":"600.00"},{"v":0,"d":"0.00"},{"v":0,"d":"0.00"},{"v":0,"d":"0.00"},{"v":160,"d":"160.00"},{"v":0,"d":"0.00"},{"v":60,"d":"60.00"},"任意品牌"]
[124,"厨房工具","筷子","复合材质，塑料抗菌合金筷",1100,{"$nulls":3},1000,{"$nulls":6},0,0,null,100,null,null,"双",4,{"v":4400,"d":"4,400.00"},{"v":4000,"d":"4,000.00"},{"v":0,"d":"0.00"},{"v":0,"d":"0.00"},{"v":0,"d":"0.00"},{"v":400,"d":"400.00"},{"v":0,"d":"0.00"},{"v":0,"d":"0.00"},"任意品牌"]
[125,"厨房工具","筷子","42cm，鸡翅木",3,{"$nulls":10},0,0,null,0,3,null,"对",20,{"v":60,"d":"60.00"},{"v":0,"d":"0.00"},{"v":0,"d":"0.00"},{"v":0,"d":"0.00"},{"v":0,"d":"0.00"},{"v":0,"d":"0.00"},{"v":60,"d":"60.00"},{"v":0,"d":"0.00"}]
[126,"厨房工具","大汤碗","陶瓷，碗口宽小于28cm",55,{"$nulls":10},50,0,null,0,5,null,"个",60,{"v":3300,"d":"3,300.00"},{"v":0,"d":"0.00"},{"v":3000,"d":"3,000.00"},{"v":0,"d":"0.00"},{"v":0,"d":"0.00"},{"v":0,"d":"0.00"},{"v":300,"d":"300.00"},{"v":0,"d":"0.00"},"任意品牌"]
[127,"清洁类","垃圾桶","11L，塑料镂空纸篓",10,{"$nulls":10},0,0,null,0,10,null,"个",12,{"v":120,"d":"120.00"},{"v":0,"d":"0.00"},{"v":0,"d":"0.00"},{"v":0,"d":"0.00"},{"v":0,"d":"0.00"},{"v":0,"d":"0.00"},{"v":120,"d":"120.00"},{"v":0,"d":"0.00"},"任意品牌"]
[128,"清洁类","食用小苏打粉","185g/瓶，清洁杯具用",76,{"$nulls":3},3,{"$nulls":6},0,30,10,9,4,20,"个",15,{"v":1140,"d":"1,140.00"},{"v":45,"d":"45.00"},{"v":0,"d":"0.00"},{"v":450,"d":"450.00"},{"v":150,"d":"150.00"},{"v":135,"d":"135.00"},{"v":60,"d":"60.00"},{"v":300,"d":"300.00"},"任意品牌"]
[129,"安全投入","防毒面具及灭火箱（空箱）","铁皮;34*18*80CM",0,{"$nulls":10},0,0,null,0,null,null,"个",110,{"v":0,"d":"0.00"},{"v":0,"d":"0.00"},{"v":0,"d":"0.00"},{"v":0,"d":"0.00"},{"v":0,"d":"0.00"},{"v":0,"d":"0.00"},{"v":0,"d":"0.00"},{"v":0,"d":"0.00"},"任意品牌"]
[130,null,"电瓶搭电线","4米纯铜;10mm线径;带电压过载保护，反接报警",11,{"$nulls":10},0,0,null,10,1,null,"条",300,{"v":3300,"d":"3,300.00"},{"v":0,"d":"0.00"},{"v":0,"d":"0.00"},{"v":0,"d":"0.00"},{"v":0,"d":"0.00"},{"v":3000,"d":"3,000.00"},{"v":300,"d":"300.00"},{"v":0,"d":"0.00"},"任意品牌"]
[131,null,"卷盘插座","GN-8030；4位10A五孔；30米；过热保护",14,{"$nulls":10},9,0,5,0,null,null,"个",350,{"v":4900,"d":"4,900.00"},{"v":0,"d":"0.00"},{"v":3150,"d":"3,150.00"},{"v":0,"d":"0.00"},{"v":1750,"d":"1,750.00"},{"v":0,"d":"0.00"},{"v":0,"d":"0.00"},{"v":0,"d":"0.00"},"任意品牌"]
[132,null,"螺丝刀套装","33合一、带加长杆",14,{"$nulls":10},2,0,null,1,1,10,"套",{"v":35,"d":"35.00"},{"v":490,"d":"490.00"},{"v":0,"d":"0.00"},{"v":70,"d":"70.00"},{"v":0,"d":"0.00"},{"v":0,"d":"0.00"},{"v":35,"d":"35.00"},{"v":35,"d":"35.00"},{"v":350,"d":"350.00"},"德力西、得力、绿联"]
[133,null,"样品盒","35ML",27000,{"$nulls":3},10000,{"$nulls":6},0,0,null,12000,null,5000,"个",{"v":0.1,"d":"0.10"},{"v":2700,"d":"2,700.00"},{"v":1000,"d":"1,000.00"},{"v":0,"d":"0.00"},{"v":0,"d":"0.00"},{"v":0,"d":"0.00"},{"v":1200,"d":"1,200.00"},{"v":0,"d":"0.00"},{"v":500,"d":"500.00"}]
[134,null,"食品留样盒","6格组合，可循环使用",18,{"$nulls":10},6,6,null,0,1,5,"个",{"v":35,"d":"35.00"},{"v":630,"d":"630.00"},{"v":0,"d":"0.00"},{"v":210,"d":"210.00"},{"v":210,"d":"210.00"},{"v":0,"d":"0.00"},{"v":0,"d":"0.00"},{"v":35,"d":"35.00"},{"v":175,"d":"175.00"}]
[135,null,"平板拖把","不锈钢，60CM",59,{"$nulls":10},10,4,20,10,10,5,"把",80,{"v":4720,"d":"4,720.00"},{"v":0,"d":"0.00"},{"v":800,"d":"800.00"},{"v":320,"d":"320.00"},{"v":1600,"d":"1,600.00"},{"v":800,"d":"800.00"},{"v":800,"d":"800.00"},{"v":400,"d":"400.00"},"美丽雅、暖心话、伊司达"]
[136,null,"刮水器","加粗加厚伸缩杆，硅胶条，180°可旋转",65,{"$nulls":3},20,{"$nulls":6},8,0,20,3,9,5,"个",35,{"v":2275,"d":"2,275.00"},{"v":700,"d":"700.00"},{"v":280,"d":"280.00"},{"v":0,"d":"0.00"},{"v":700,"d":"700.00"},{"v":105,"d":"105.00"},{"v":315,"d":"315.00"},{"v":175,"d":"175.00"},"任意品牌"]
[137,null,"平板拖把杆","加厚不锈钢",60,{"$nulls":10},0,10,30,7,8,5,"个",15,{"v":900,"d":"900.00"},{"v":0,"d":"0.00"},{"v":0,"d":"0.00"},{"v":150,"d":"150.00"},{"v":450,"d":"450.00"},{"v":105,"d":"105.00"},{"v":120,"d":"120.00"},{"v":75,"d":"75.00"},"任意品牌"]
[138,null,"空调挡风板","过滤挡冷热风防风罩壁挂式",18,{"$nulls":7},1,null,null,0,2,null,10,3,2,"块",100,{"v":1800,"d":"1,800.00"},{"v":100,"d":"100.00"},{"v":0,"d":"0.00"},{"v":200,"d":"200.00"},{"v":0,"d":"0.00"},{"v":1000,"d":"1,000.00"},{"v":300,"d":"300.00"},{"v":200,"d":"200.00"},"任意品牌"]
[139,null,"空调挡风板",null,0,{"$nulls":10},0,0,null,0,null,null,"块",100,{"v":0,"d":"0.00"},{"v":0,"d":"0.00"},{"v":0,"d":"0.00"},{"v":0,"d":"0.00"},{"v":0,"d":"0.00"},{"v":0,"d":"0.00"},{"v":0,"d":"0.00"},{"v":0,"d":"0.00"},"任意品牌"]
[140,null,"分类垃圾桶","120L/个，带轮，一套4个，4色，每色一个，每个50*45*90cm以上。环保高密度聚乙烯原料",5,{"$nulls":10},1,3,null,1,null,null,"套",800,{"v":4000,"d":"4,000.00"},{"v":0,"d":"0.00"},{"v":800,"d":"800.00"},{"v":2400,"d":"2,400.00"},{"v":0,"d":"0.00"},{"v":800,"d":"800.00"},{"v":0,"d":"0.00"},{"v":0,"d":"0.00"},"任意品牌"]
[141,null,"花洒","不锈钢增压花洒，带1.5米软管配底座",6,{"$nulls":10},0,3,null,0,3,null,"套",75,{"v":450,"d":"450.00"},{"v":0,"d":"0.00"},{"v":0,"d":"0.00"},{"v":225,"d":"225.00"},{"v":0,"d":"0.00"},{"v":0,"d":"0.00"},{"v":225,"d":"225.00"},{"v":0,"d":"0.00"},"任意品牌"]
[142,null,"滚轮式免手洗胶棉拖把","27cm*110cm",18,{"$nulls":10},2,0,null,4,10,2,"把",{"v":40,"d":"40.00"},{"v":720,"d":"720.00"},{"v":0,"d":"0.00"},{"v":80,"d":"80.00"},{"v":0,"d":"0.00"},{"v":0,"d":"0.00"},{"v":160,"d":"160.00"},{"v":400,"d":"400.00"},{"v":80,"d":"80.00"},"任意品牌"]
[143,null,"钢杆拖把","25cm*40cm*120cm",85,{"$nulls":3},50,{"$nulls":6},0,0,null,0,30,5,"把",{"v":60,"d":"60.00"},{"v":5100,"d":"5,100.00"},{"v":3000,"d":"3,000.00"},{"v":0,"d":"0.00"},{"v":0,"d":"0.00"},{"v":0,"d":"0.00"},{"v":0,"d":"0.00"},{"v":1800,"d":"1,800.00"},{"v":300,"d":"300.00"},"任意品牌"]
[144,null,"削皮刀套装","材质：不锈钢  耐用\n处理瓜果器具",14,{"$nulls":3},1,{"$nulls":6},1,0,null,0,7,5,"套",{"v":18,"d":"18.00"},{"v":252,"d":"252.00"},{"v":18,"d":"18.00"},{"v":18,"d":"18.00"},{"v":0,"d":"0.00"},{"v":0,"d":"0.00"},{"v":0,"d":"0.00"},{"v":126,"d":"126.00"},{"v":90,"d":"90.00"},"任意品牌"]
[145,null,"花洒套装","浴室手持洗澡喷头莲蓬头花洒带软管+底座 淋浴器喷头三件套 Y04063",73,{"$nulls":10},10,0,50,3,null,10,"套",{"v":30,"d":"30.00"},{"v":2190,"d":"2,190.00"},{"v":0,"d":"0.00"},{"v":300,"d":"300.00"},{"v":0,"d":"0.00"},{"v":1500,"d":"1,500.00"},{"v":90,"d":"90.00"},{"v":0,"d":"0.00"},{"v":300,"d":"300.00"},"任意品牌"]
[146,null,"电热蚊香液","电蚊香液无味防蚊驱蚊，加热器*1，蚊香液*3",180,{"$nulls":3},50,{"$nulls":6},10,0,50,50,null,20,"盒",{"v":50,"d":"50.00"},{"v":9000,"d":"9,000.00"},{"v":2500,"d":"2,500.00"},{"v":500,"d":"500.00"},{"v":0,"d":"0.00"},{"v":2500,"d":"2,500.00"},{"v":2500,"d":"2,500.00"},{"v":0,"d":"0.00"},{"v":1000,"d":"1,000.00"},"雷达、榄菊、六神"]
[147,null,"84消毒液","500ml",60,{"$nulls":10},20,0,null,20,20,null,"瓶",{"v":15,"d":"15.00"},{"v":900,"d":"900.00"},{"v":0,"d":"0.00"},{"v":300,"d":"300.00"},{"v":0,"d":"0.00"},{"v":0,"d":"0.00"},{"v":300,"d":"300.00"},{"v":300,"d":"300.00"},{"v":0,"d":"0.00"},"威猛先生、蓝月亮、白猫"]
[148,null,"84消毒液","1.2kg",515,{"$nulls":3},300,{"$nulls":6},0,50,50,20,45,50,"瓶",{"v":20,"d":"20.00"},{"v":10300,"d":"10,300.00"},{"v":6000,"d":"6,000.00"},{"v":0,"d":"0.00"},{"v":1000,"d":"1,000.00"},{"v":1000,"d":"1,000.00"},{"v":400,"d":"400.00"},{"v":900,"d":"900.00"},{"v":1000,"d":"1,000.00"},"威猛先生、蓝月亮、白猫"]
[149,null,"金宝绿水","地面清洁绿水，3.78L",95,{"$nulls":10},20,10,null,10,45,10,"支",50,{"v":4750,"d":"4,750.00"},{"v":0,"d":"0.00"},{"v":1000,"d":"1,000.00"},{"v":500,"d":"500.00"},{"v":0,"d":"0.00"},{"v":500,"d":"500.00"},{"v":2250,"d":"2,250.00"},{"v":500,"d":"500.00"},"任意品牌"]
[150,null,"切菜器","厨房切菜器多功能切丝切擦丝磨蒜",10,{"$nulls":10},0,0,2,1,4,3,"个",{"v":12,"d":"12.00"},{"v":120,"d":"120.00"},{"v":0,"d":"0.00"},{"v":0,"d":"0.00"},{"v":0,"d":"0.00"},{"v":24,"d":"24.00"},{"v":12,"d":"12.00"},{"v":48,"d":"48.00"},{"v":36,"d":"36.00"},"任意品牌"]
[151,null,"铜暗装小便阀","\n小便池冲洗阀手按式厕所小便斗冲水阀门开关 暗装铜体大体",5,{"$nulls":10},0,0,null,5,null,null,"个",{"v":75,"d":"75.00"},{"v":375,"d":"375.00"},{"v":0,"d":"0.00"},{"v":0,"d":"0.00"},{"v":0,"d":"0.00"},{"v":0,"d":"0.00"},{"v":375,"d":"375.00"},{"v":0,"d":"0.00"},{"v":0,"d":"0.00"},"隆泉、兰诗、迪尔或任意品牌"]
[152,null,"水龙头","加长水龙头水嘴4分\n纯铜品质，耐热耐寒",5,{"$nulls":10},0,0,null,5,null,null,"个",{"v":27,"d":"27.00"},{"v":135,"d":"135.00"},{"v":0,"d":"0.00"},{"v":0,"d":"0.00"},{"v":0,"d":"0.00"},{"v":0,"d":"0.00"},{"v":135,"d":"135.00"},{"v":0,"d":"0.00"},{"v":0,"d":"0.00"},"任意品牌"]
[153,null,"面盆水龙头","面盆水龙头冷热 \n304不锈钢健康环保浴室水龙头 \n洗脸盆洗手盆水龙头 041012",2,{"$nulls":10},0,0,null,0,2,null,"个",{"v":195,"d":"195.00"},{"v":390,"d":"390.00"},{"v":0,"d":"0.00"},{"v":0,"d":"0.00"},{"v":0,"d":"0.00"},{"v":0,"d":"0.00"},{"v":0,"d":"0.00"},{"v":390,"d":"390.00"},{"v":0,"d":"0.00"}]
[154,null,"弧形单冷水龙头","\n阀芯：陶瓷片阀芯    \n LD07全铜主体龙头厨房水龙头\n 单冷龙头菜盆水槽洗衣池龙头",10,{"$nulls":10},0,3,null,5,null,2,"个",{"v":85,"d":"85.00"},{"v":850,"d":"850.00"},{"v":0,"d":"0.00"},{"v":0,"d":"0.00"},{"v":255,"d":"255.00"},{"v":0,"d":"0.00"},{"v":425,"d":"425.00"},{"v":0,"d":"0.00"},{"v":170,"d":"170.00"}]
[155,null,"拖把池龙头","数字枝叶水龙头 \n快开单冷铜芯水池龙头洗衣机水嘴 \n合金主体 4分DN15",22,{"$nulls":10},0,3,null,5,4,10,"个",{"v":60,"d":"60.00"},{"v":1320,"d":"1,320.00"},{"v":0,"d":"0.00"},{"v":0,"d":"0.00"},{"v":180,"d":"180.00"},{"v":0,"d":"0.00"},{"v":300,"d":"300.00"},{"v":240,"d":"240.00"},{"v":600,"d":"600.00"},"任意品牌"]
[156,null,"防水胶带"," 生料带 工程加厚生胶带水胶布 防水密封带 角阀水管龙头密封胶带 10M*5卷装 TE2689\n ",220,{"$nulls":10},70,50,30,10,10,50,"个",{"v":2,"d":"2.00"},{"v":440,"d":"440.00"},{"v":0,"d":"0.00"},{"v":140,"d":"140.00"},{"v":100,"d":"100.00"},{"v":60,"d":"60.00"},{"v":20,"d":"20.00"},{"v":20,"d":"20.00"},{"v":100,"d":"100.00"},"任意品牌"]
[157,null,"切肉刀","\n重庆大足7铬不锈钢剔骨\n分割刀割肉刀屠宰刀 HZ-7T07",3,{"$nulls":10},0,0,null,0,3,null,"把",{"v":65,"d":"65.00"},{"v":195,"d":"195.00"},{"v":0,"d":"0.00"},{"v":0,"d":"0.00"},{"v":0,"d":"0.00"},{"v":0,"d":"0.00"},{"v":0,"d":"0.00"},{"v":195,"d":"195.00"},{"v":0,"d":"0.00"},"任意品牌"]
[158,null,"不锈钢水瓢水勺大号","\n家用不锈钢水瓢水勺\n厨房水漂大号勺子盛水舀子铁瓢\n水飘长柄舀水瓢清新绿",8,{"$nulls":10},0,0,null,0,6,2,"个",{"v":26,"d":"26.00"},{"v":208,"d":"208.00"},{"v":0,"d":"0.00"},{"v":0,"d":"0.00"},{"v":0,"d":"0.00"},{"v":0,"d":"0.00"},{"v":0,"d":"0.00"},{"v":156,"d":"156.00"},{"v":52,"d":"52.00"},"任意品牌"]
[159,null,"不锈钢大碗","伍壹尚品 不锈钢大碗 双层加厚直径18cm",220,{"$nulls":10},0,0,null,80,110,30,"个",{"v":16,"d":"16.00"},{"v":3520,"d":"3,520.00"},{"v":0,"d":"0.00"},{"v":0,"d":"0.00"},{"v":0,"d":"0.00"},{"v":0,"d":"0.00"},{"v":1280,"d":"1,280.00"},{"v":1760,"d":"1,760.00"},{"v":480,"d":"480.00"},"任意品牌"]
[160,null,"双耳熟铁锅60cm","炒锅双耳熟铁锅 \n商用食堂饭店双耳炒菜锅 口径约60cm",6,{"$nulls":3},2,{"$nulls":6},1,0,2,0,null,1,"个",{"v":115,"d":"115.00"},{"v":690,"d":"690.00"},{"v":230,"d":"230.00"},{"v":115,"d":"115.00"},{"v":0,"d":"0.00"},{"v":230,"d":"230.00"},{"v":0,"d":"0.00"},{"v":0,"d":"0.00"},{"v":115,"d":"115.00"},"任意品牌"]
[161,null,"双耳熟铁锅46cm","炒锅双耳熟铁锅 \n商用食堂饭店双耳炒菜锅 口径约46cm",1,{"$nulls":10},0,0,null,0,null,1,"个",{"v":83,"d":"83.00"},{"v":83,"d":"83.00"},{"v":0,"d":"0.00"},{"v":0,"d":"0.00"},{"v":0,"d":"0.00"},{"v":0,"d":"0.00"},{"v":0,"d":"0.00"},{"v":0,"d":"0.00"},{"v":83,"d":"83.00"},"任意品牌"]
[162,null,"304不锈钢挂锁","60mm/50mm",67,{"$nulls":10},15,0,20,7,15,10,"个",30,{"v":2010,"d":"2,010.00"},{"v":0,"d":"0.00"},{"v":450,"d":"450.00"},{"v":0,"d":"0.00"},{"v":600,"d":"600.00"},{"v":210,"d":"210.00"},{"v":450,"d":"450.00"},{"v":300,"d":"300.00"},"任意品牌"]
[163,null,"百洁布（洗碗用）",null,110,{"$nulls":10},0,20,20,10,40,20,"块",3,{"v":330,"d":"330.00"},{"v":0,"d":"0.00"},{"v":0,"d":"0.00"},{"v":60,"d":"60.00"},{"v":60,"d":"60.00"},{"v":30,"d":"30.00"},{"v":120,"d":"120.00"},{"v":60,"d":"60.00"}]
[164,null,"PVC食品级手套","100只/盒",150,{"$nulls":3},100,{"$nulls":6},0,12,10,12,6,10,"盒",35,{"v":5250,"d":"5,250.00"},{"v":3500,"d":"3,500.00"},{"v":0,"d":"0.00"},{"v":420,"d":"420.00"},{"v":350,"d":"350.00"},{"v":420,"d":"420.00"},{"v":210,"d":"210.00"},{"v":350,"d":"350.00"}]
[165,null,"防烫手套",null,116,{"$nulls":10},0,0,100,0,6,10,"对",25,{"v":2900,"d":"2,900.00"},{"v":0,"d":"0.00"},{"v":0,"d":"0.00"},{"v":0,"d":"0.00"},{"v":2500,"d":"2,500.00"},{"v":0,"d":"0.00"},{"v":150,"d":"150.00"},{"v":250,"d":"250.00"}]
[166,null,"一次性手套","橡胶手套",840,{"$nulls":3},600,{"$nulls":6},0,0,null,0,140,100,"对",1.2,{"v":1008,"d":"1,008.00"},{"v":720,"d":"720.00"},{"v":0,"d":"0.00"},{"v":0,"d":"0.00"},{"v":0,"d":"0.00"},{"v":0,"d":"0.00"},{"v":168,"d":"168.00"},{"v":120,"d":"120.00"}]
[167,null,"长手套","材质：橡胶  耐用\n加长版 任意色\n40cm左右",559,{"$nulls":3},200,{"$nulls":6},4,50,null,30,75,200,"对",{"v":22,"d":"22.00"},{"v":12298,"d":"12,298.00"},{"v":4400,"d":"4,400.00"},{"v":88,"d":"88.00"},{"v":1100,"d":"1,100.00"},{"v":0,"d":"0.00"},{"v":660,"d":"660.00"},{"v":1650,"d":"1,650.00"},{"v":4400,"d":"4,400.00"},"任意品牌"]
[168,null,"丁腈手套","耐油性，抗过敏，耐撕扯，左右手通用，加长版，50只装",32,{"$nulls":10},4,0,20,8,null,null,"包",{"v":35,"d":"35.00"},{"v":1120,"d":"1,120.00"},{"v":0,"d":"0.00"},{"v":140,"d":"140.00"},{"v":0,"d":"0.00"},{"v":700,"d":"700.00"},{"v":280,"d":"280.00"},{"v":0,"d":"0.00"},{"v":0,"d":"0.00"},"任意品牌"]
[169,null,"棉线手套","细纱棉纱加密加厚耐磨；12副/包",38,{"$nulls":10},30,0,null,0,8,null,"包",{"v":15,"d":"15.00"},{"v":570,"d":"570.00"},{"v":0,"d":"0.00"},{"v":450,"d":"450.00"},{"v":0,"d":"0.00"},{"v":0,"d":"0.00"},{"v":0,"d":"0.00"},{"v":120,"d":"120.00"},{"v":0,"d":"0.00"},"任意品牌"]
[170,null,"餐盘托盘","加厚，内规格，长44.6cm，宽29cm，高3.1cm",2,{"$nulls":10},2,0,null,0,null,null,"个",28,{"v":56,"d":"56.00"},{"v":0,"d":"0.00"},{"v":56,"d":"56.00"},{"v":0,"d":"0.00"},{"v":0,"d":"0.00"},{"v":0,"d":"0.00"},{"v":0,"d":"0.00"},{"v":0,"d":"0.00"},"任意品牌"]
[171,null,"U型锁",null,14,{"$nulls":10},4,0,5,2,null,3,"个",60,{"v":840,"d":"840.00"},{"v":0,"d":"0.00"},{"v":240,"d":"240.00"},{"v":0,"d":"0.00"},{"v":300,"d":"300.00"},{"v":120,"d":"120.00"},{"v":0,"d":"0.00"},{"v":180,"d":"180.00"},"任意品牌"]
[172,null,"不锈钢盆","直径25CM",1,{"$nulls":10},0,0,null,1,null,null,"个",{"v":30,"d":"30.00"},{"v":30,"d":"30.00"},{"v":0,"d":"0.00"},{"v":0,"d":"0.00"},{"v":0,"d":"0.00"},{"v":0,"d":"0.00"},{"v":30,"d":"30.00"},{"v":0,"d":"0.00"},{"v":0,"d":"0.00"},"任意品牌"]
[173,null,"不锈钢碗","304不锈钢，直径12CM",50,{"$nulls":10},0,0,null,0,50,null,"个",{"v":30,"d":"30.00"},{"v":1500,"d":"1,500.00"},{"v":0,"d":"0.00"},{"v":0,"d":"0.00"},{"v":0,"d":"0.00"},{"v":0,"d":"0.00"},{"v":0,"d":"0.00"},{"v":1500,"d":"1,500.00"},{"v":0,"d":"0.00"},"任意品牌"]
[174,null,"不锈钢碗","304不锈钢，直径14CM",390,{"$nulls":3},300,{"$nulls":6},50,0,null,0,null,40,"个",{"v":30,"d":"30.00"},{"v":11700,"d":"11,700.00"},{"v":9000,"d":"9,000.00"},{"v":1500,"d":"1,500.00"},{"v":0,"d":"0.00"},{"v":0,"d":"0.00"},{"v":0,"d":"0.00"},{"v":0,"d":"0.00"},{"v":1200,"d":"1,200.00"},"任意品牌","=DISPIMG(\"ID_ADA940E713D947578CEDD7AF9316CF21\",1)"]
[175,null,"不锈钢汤匙","304不锈钢",670,{"$nulls":3},300,{"$nulls":6},30,30,70,100,60,80,"个",{"v":8,"d":"8.00"},{"v":5360,"d":"5,360.00"},{"v":2400,"d":"2,400.00"},{"v":240,"d":"240.00"},{"v":240,"d":"240.00"},{"v":560,"d":"560.00"},{"v":800,"d":"800.00"},{"v":480,"d":"480.00"},{"v":640,"d":"640.00"},"任意品牌"]
[176,null,"钢丝球",null,200,{"$nulls":3},20,{"$nulls":6},0,0,null,0,160,20,"个",{"v":1.5,"d":"1.50"},{"v":300,"d":"300.00"},{"v":30,"d":"30.00"},{"v":0,"d":"0.00"},{"v":0,"d":"0.00"},{"v":0,"d":"0.00"},{"v":0,"d":"0.00"},{"v":240,"d":"240.00"},{"v":30,"d":"30.00"},"任意品牌"]
[177,null,"不锈钢蒸/汤锅","不锈钢，高度至少25cm,直径口33cm",10,{"$nulls":3},2,{"$nulls":6},0,0,null,3,3,2,"个",{"v":60,"d":"60.00"},{"v":600,"d":"600.00"},{"v":120,"d":"120.00"},{"v":0,"d":"0.00"},{"v":0,"d":"0.00"},{"v":0,"d":"0.00"},{"v":180,"d":"180.00"},{"v":180,"d":"180.00"},{"v":120,"d":"120.00"},"任意品牌"]
[178,null,"商用加厚不锈钢卤水汤锅汤桶专用篦子","不锈钢、加厚、直径43cm",1,{"$nulls":3},1,{"$nulls":6},0,0,null,0,null,null,"个",{"v":50,"d":"50.00"},{"v":50,"d":"50.00"},{"v":50,"d":"50.00"},{"v":0,"d":"0.00"},{"v":0,"d":"0.00"},{"v":0,"d":"0.00"},{"v":0,"d":"0.00"},{"v":0,"d":"0.00"},{"v":0,"d":"0.00"},"任意品牌"]
[179,null,"竹蒸垫/竹达网","直径40cm.厚",10,{"$nulls":3},10,{"$nulls":6},0,0,null,0,null,null,"个",{"v":1,"d":"1.00"},{"v":10,"d":"10.00"},{"v":10,"d":"10.00"},{"v":0,"d":"0.00"},{"v":0,"d":"0.00"},{"v":0,"d":"0.00"},{"v":0,"d":"0.00"},{"v":0,"d":"0.00"},{"v":0,"d":"0.00"},"任意品牌"]
[180,null,"厕所卷纸筒",null,25,{"$nulls":10},12,3,null,10,null,null,"个",50,{"v":1250,"d":"1,250.00"},{"v":0,"d":"0.00"},{"v":600,"d":"600.00"},{"v":150,"d":"150.00"},{"v":0,"d":"0.00"},{"v":500,"d":"500.00"},{"v":0,"d":"0.00"},{"v":0,"d":"0.00"},"任意品牌"]
[181,null,"热水器u型混合水阀","304材质",16,{"$nulls":10},0,2,10,4,null,null,"套",80,{"v":1280,"d":"1,280.00"},{"v":0,"d":"0.00"},{"v":0,"d":"0.00"},{"v":160,"d":"160.00"},{"v":800,"d":"800.00"},{"v":320,"d":"320.00"},{"v":0,"d":"0.00"},{"v":0,"d":"0.00"},"任意品牌"]
[182,null,"工具箱套装","25件套",6,{"$nulls":10},1,0,null,1,1,3,"套",200,{"v":1200,"d":"1,200.00"},{"v":0,"d":"0.00"},{"v":200,"d":"200.00"},{"v":0,"d":"0.00"},{"v":0,"d":"0.00"},{"v":200,"d":"200.00"},{"v":200,"d":"200.00"},{"v":600,"d":"600.00"},"任意品牌"]
[183,null,"不锈钢夹子","不锈钢，防滑胶，长度30CM",52,{"$nulls":10},5,2,20,0,15,10,"个",{"v":20,"d":"20.00"},{"v":1040,"d":"1,040.00"},{"v":0,"d":"0.00"},{"v":100,"d":"100.00"},{"v":40,"d":"40.00"},{"v":400,"d":"400.00"},{"v":0,"d":"0.00"},{"v":300,"d":"300.00"},{"v":200,"d":"200.00"},"任意品牌"]
[184,null,"冰格",null,16,{"$nulls":10},2,3,10,1,null,null,"个",{"v":29,"d":"29.00"},{"v":464,"d":"464.00"},{"v":0,"d":"0.00"},{"v":58,"d":"58.00"},{"v":87,"d":"87.00"},{"v":290,"d":"290.00"},{"v":29,"d":"29.00"},{"v":0,"d":"0.00"},{"v":0,"d":"0.00"},"任意品牌"]
[185,null,"不锈钢电磁炉通用汤锅",null,0,{"$nulls":10},0,0,null,0,null,null,"个",{"v":40,"d":"40.00"},{"v":0,"d":"0.00"},{"v":0,"d":"0.00"},{"v":0,"d":"0.00"},{"v":0,"d":"0.00"},{"v":0,"d":"0.00"},{"v":0,"d":"0.00"},{"v":0,"d":"0.00"},{"v":0,"d":"0.00"},"任意品牌"]
[186,null,"雨伞架","18孔+20勾，黑色",4,{"$nulls":10},2,0,null,1,1,null,"个",{"v":112,"d":"112.00"},{"v":448,"d":"448.00"},{"v":0,"d":"0.00"},{"v":224,"d":"224.00"},{"v":0,"d":"0.00"},{"v":0,"d":"0.00"},{"v":112,"d":"112.00"},{"v":112,"d":"112.00"},{"v":0,"d":"0.00"},"任意品牌"]
[187,null,"洗手水箱","20L，带龙头",0,{"$nulls":10},0,0,null,0,null,null,"个",{"v":65,"d":"65.00"},{"v":0,"d":"0.00"},{"v":0,"d":"0.00"},{"v":0,"d":"0.00"},{"v":0,"d":"0.00"},{"v":0,"d":"0.00"},{"v":0,"d":"0.00"},{"v":0,"d":"0.00"},{"v":0,"d":"0.00"},"任意品牌"]
[188,null,"果篮双层沥水篮","大号",0,{"$nulls":10},0,0,null,0,null,null,"个",{"v":20,"d":"20.00"},{"v":0,"d":"0.00"},{"v":0,"d":"0.00"},{"v":0,"d":"0.00"},{"v":0,"d":"0.00"},{"v":0,"d":"0.00"},{"v":0,"d":"0.00"},{"v":0,"d":"0.00"},{"v":0,"d":"0.00"},"任意品牌"]
[189,null,"木砧板","圆形，铁木、44x15cm",4,{"$nulls":10},1,0,null,1,1,1,"个",{"v":450,"d":"450.00"},{"v":1800,"d":"1,800.00"},{"v":0,"d":"0.00"},{"v":450,"d":"450.00"},{"v":0,"d":"0.00"},{"v":0,"d":"0.00"},{"v":450,"d":"450.00"},{"v":450,"d":"450.00"},{"v":450,"d":"450.00"},"任意品牌"]
[190,null,"木砧板","圆形，铁木、44x6cm",2,{"$nulls":11},2,null,0,null,null,"个",{"v":360,"d":"360.00"},{"v":720,"d":"720.00"},{"v":0,"d":"0.00"},{"v":0,"d":"0.00"},{"v":720,"d":"720.00"},{"v":0,"d":"0.00"},{"v":0,"d":"0.00"},{"v":0,"d":"0.00"},{"v":0,"d":"0.00"},"任意品牌"]
[191,null,"PE砧板","抗菌防霉，43x15cm",2,{"$nulls":10},1,0,null,1,null,null,"个",{"v":438,"d":"438.00"},{"v":876,"d":"876.00"},{"v":0,"d":"0.00"},{"v":438,"d":"438.00"},{"v":0,"d":"0.00"},{"v":0,"d":"0.00"},{"v":438,"d":"438.00"},{"v":0,"d":"0.00"},{"v":0,"d":"0.00"},"任意品牌"]
[192,null,"磨砂玻璃贴膜","90cm×200cm，无胶静电贴，无花纹",0,{"$nulls":10},0,0,null,0,null,null,"张",{"v":30,"d":"30.00"},{"v":0,"d":"0.00"},{"v":0,"d":"0.00"},{"v":0,"d":"0.00"},{"v":0,"d":"0.00"},{"v":0,"d":"0.00"},{"v":0,"d":"0.00"},{"v":0,"d":"0.00"},{"v":0,"d":"0.00"},"任意品牌"]
[193,null,"蟑螂药","杀胶饵",53,{"$nulls":10},0,0,20,10,3,20,"盒",{"v":50,"d":"50.00"},{"v":2650,"d":"2,650.00"},{"v":0,"d":"0.00"},{"v":0,"d":"0.00"},{"v":0,"d":"0.00"},{"v":1000,"d":"1,000.00"},{"v":500,"d":"500.00"},{"v":150,"d":"150.00"},{"v":1000,"d":"1,000.00"},"拜尔"]
[194,null,"脏衣篮","脏衣篮 棕灰渐变色 脏衣篓 脏衣服收纳篮收纳筐【特大号】",0,{"$nulls":10},0,0,null,0,null,null,"个",{"v":50,"d":"50.00"},{"v":0,"d":"0.00"},{"v":0,"d":"0.00"},{"v":0,"d":"0.00"},{"v":0,"d":"0.00"},{"v":0,"d":"0.00"},{"v":0,"d":"0.00"},{"v":0,"d":"0.00"},{"v":0,"d":"0.00"},"任意品牌"]
[195,null,"锅盖手提柄","长度10cm胶质；黑色",2,{"$nulls":10},0,0,null,2,null,null,"个",{"v":10,"d":"10.00"},{"v":20,"d":"20.00"},{"v":0,"d":"0.00"},{"v":0,"d":"0.00"},{"v":0,"d":"0.00"},{"v":0,"d":"0.00"},{"v":20,"d":"20.00"},{"v":0,"d":"0.00"},{"v":0,"d":"0.00"},"任意品牌"]
[196,null,"马桶盖","海立（Haili）88053 马桶盖通用老式盖板坐便器配件 家用上装马桶圈 加厚缓降座便盖子U型",0,{"$nulls":10},0,0,null,0,null,null,"个",{"v":80,"d":"80.00"},{"v":0,"d":"0.00"},{"v":0,"d":"0.00"},{"v":0,"d":"0.00"},{"v":0,"d":"0.00"},{"v":0,"d":"0.00"},{"v":0,"d":"0.00"},{"v":0,"d":"0.00"},{"v":0,"d":"0.00"},"任意品牌"]
[197,null,"茶水桶","蓓尔蓝FW1283茶渣桶办公室过滤桶塑料茶水桶茶叶垃圾桶滤茶桶圆形咖啡色小号",55,{"$nulls":10},20,5,null,0,25,5,"个",{"v":30,"d":"30.00"},{"v":1650,"d":"1,650.00"},{"v":0,"d":"0.00"},{"v":600,"d":"600.00"},{"v":150,"d":"150.00"},{"v":0,"d":"0.00"},{"v":0,"d":"0.00"},{"v":750,"d":"750.00"},{"v":150,"d":"150.00"},"任意品牌"]
[198,null,"蒸笼布"," 硅胶垫 蒸笼布笼屉布不粘蒸布60*40CM硅胶长方形",14,{"$nulls":10},0,0,null,10,4,null,"个",{"v":10,"d":"10.00"},{"v":140,"d":"140.00"},{"v":0,"d":"0.00"},{"v":0,"d":"0.00"},{"v":0,"d":"0.00"},{"v":0,"d":"0.00"},{"v":100,"d":"100.00"},{"v":40,"d":"40.00"},{"v":0,"d":"0.00"},"任意品牌"]
[199,null,"马桶疏通器","马桶疏通器 真空管道疏通器下水道厕所疏通工具 马桶吸皮搋子（新老款随机发货）700095",26,{"$nulls":10},0,0,20,0,6,null,"瓶",{"v":26,"d":"26.00"},{"v":676,"d":"676.00"},{"v":0,"d":"0.00"},{"v":0,"d":"0.00"},{"v":0,"d":"0.00"},{"v":520,"d":"520.00"},{"v":0,"d":"0.00"},{"v":156,"d":"156.00"},{"v":0,"d":"0.00"},"任意品牌"]
[200,null,"不锈钢编织管","304不锈钢编织管 冷热进水软管马桶热水器高压金属连接水管4分 1m(304钢丝带小扳手)",53,{"$nulls":10},0,8,30,5,null,10,"条",{"v":27,"d":"27.00"},{"v":1431,"d":"1,431.00"},{"v":0,"d":"0.00"},{"v":0,"d":"0.00"},{"v":216,"d":"216.00"},{"v":810,"d":"810.00"},{"v":135,"d":"135.00"},{"v":0,"d":"0.00"},{"v":270,"d":"270.00"},"任意品牌"]
[201,null,"苍蝇贴","苍蝇贴粘蝇板(50张量贩装)",33,{"$nulls":3},10,{"$nulls":6},5,0,5,7,6,null,"包",30,{"v":990,"d":"990.00"},{"v":300,"d":"300.00"},{"v":150,"d":"150.00"},{"v":0,"d":"0.00"},{"v":150,"d":"150.00"},{"v":210,"d":"210.00"},{"v":180,"d":"180.00"},{"v":0,"d":"0.00"},"任意品牌"]
[202,null,"苍蝇拍","塑料苍蝇拍（3个装）",2,{"$nulls":10},0,0,null,2,null,null,"个",20,{"v":40,"d":"40.00"},{"v":0,"d":"0.00"},{"v":0,"d":"0.00"},{"v":0,"d":"0.00"},{"v":0,"d":"0.00"},{"v":40,"d":"40.00"},{"v":0,"d":"0.00"},{"v":0,"d":"0.00"},"任意品牌"]
[203,null,"桌垫","140CM*70CM，皮革",0,{"$nulls":10},0,0,null,0,null,null,"张",80,{"v":0,"d":"0.00"},{"v":0,"d":"0.00"},{"v":0,"d":"0.00"},{"v":0,"d":"0.00"},{"v":0,"d":"0.00"},{"v":0,"d":"0.00"},{"v":0,"d":"0.00"},{"v":0,"d":"0.00"},"任意品牌"]
[204,null,"塑料毛刷","塑料毛刷去污刷板刷 便携小板刷手柄清洁刷 硬毛（颜色随机）",34,{"$nulls":10},0,10,null,4,20,null,"个",{"v":11,"d":"11.00"},{"v":374,"d":"374.00"},{"v":0,"d":"0.00"},{"v":0,"d":"0.00"},{"v":110,"d":"110.00"},{"v":0,"d":"0.00"},{"v":44,"d":"44.00"},{"v":220,"d":"220.00"},{"v":0,"d":"0.00"},"任意品牌"]
[205,null,"竹制洗锅刷","直径5厘米，长度30厘米以上",79,{"$nulls":3},20,{"$nulls":6},12,4,20,2,11,10,"把",{"v":10,"d":"10.00"},{"v":790,"d":"790.00"},{"v":200,"d":"200.00"},{"v":120,"d":"120.00"},{"v":40,"d":"40.00"},{"v":200,"d":"200.00"},{"v":20,"d":"20.00"},{"v":110,"d":"110.00"},{"v":100,"d":"100.00"},"任意品牌"]
[206,null,"棕榈长柄洗锅刷",null,8,{"$nulls":10},0,0,null,4,4,null,"把",{"v":10,"d":"10.00"},{"v":80,"d":"80.00"},{"v":0,"d":"0.00"},{"v":0,"d":"0.00"},{"v":0,"d":"0.00"},{"v":0,"d":"0.00"},{"v":40,"d":"40.00"},{"v":40,"d":"40.00"},{"v":0,"d":"0.00"},"任意品牌"]
[207,null,"保鲜膜","商用特大号，300码*长度45cm",45,{"$nulls":3},3,{"$nulls":6},12,0,20,0,null,10,"个",65,{"v":2925,"d":"2,925.00"},{"v":195,"d":"195.00"},{"v":780,"d":"780.00"},{"v":0,"d":"0.00"},{"v":1300,"d":"1,300.00"},{"v":0,"d":"0.00"},{"v":0,"d":"0.00"},{"v":650,"d":"650.00"},"宜之选/万和","=DISPIMG(\"ID_1574CEA6C6854F49A6F68A285BA506FB\",1)"]
[208,null,"不粘锅","酒店、商用炉灶通用，加厚加大直径40cm,",1,{"$nulls":3},1,{"$nulls":6},0,0,{"$nulls":4},"个",200,{"v":200,"d":"200.00"},{"v":200,"d":"200.00"},{"v":0,"d":"0.00"},{"v":0,"d":"0.00"},{"v":0,"d":"0.00"},{"v":0,"d":"0.00"},{"v":0,"d":"0.00"},{"v":0,"d":"0.00"},"苏泊尔、德国、炊大皇","=DISPIMG(\"ID_926E3AE421264F44A9782D8CB0895287\",1)"]
[209,null,"杀鱼刀","商用，复合钢锻打，2号，背厚7mm;刀柄长度110mm;刃长16.5cm",5,{"$nulls":3},2,{"$nulls":6},0,0,2,null,null,1,"把",50,{"v":250,"d":"250.00"},{"v":100,"d":"100.00"},{"v":0,"d":"0.00"},{"v":0,"d":"0.00"},{"v":100,"d":"100.00"},{"v":0,"d":"0.00"},{"v":0,"d":"0.00"},{"v":50,"d":"50.00"},"大吉作","=DISPIMG(\"ID_9B149AFB7787489B88FC0045E55DE955\",1)"]
[210,null,"圆形无底碟炖盅","600ml，口径12.5cm，含盖高11.5cm，不含盖高9cm",80,{"$nulls":10},60,20,{"$nulls":4},"个",{"v":23,"d":"23.00"},{"v":1840,"d":"1,840.00"},{"v":0,"d":"0.00"},{"v":1380,"d":"1,380.00"},{"v":460,"d":"460.00"},{"v":0,"d":"0.00"},{"v":0,"d":"0.00"},{"v":0,"d":"0.00"},{"v":0,"d":"0.00"},"任意品牌","=DISPIMG(\"ID_85C6D207AD124D9FB4B2614FAE2AC3C8\",1)"]
[211,null,"不锈钢带盖饭盒","34cmx23cmx4cm，六格",60,{"$nulls":10},60,0,{"$nulls":4},"个",{"v":45,"d":"45.00"},{"v":2700,"d":"2,700.00"},{"v":0,"d":"0.00"},{"v":2700,"d":"2,700.00"},{"v":0,"d":"0.00"},{"v":0,"d":"0.00"},{"v":0,"d":"0.00"},{"v":0,"d":"0.00"},{"v":0,"d":"0.00"},"任意品牌","=DISPIMG(\"ID_D4148D02201848278474DA481CFA7EDD\",1)"]
[212,null,"蟑螂屋","一盒多枚",36,{"$nulls":10},12,24,{"$nulls":4},"盒",{"v":35,"d":"35.00"},{"v":1260,"d":"1,260.00"},{"v":0,"d":"0.00"},{"v":420,"d":"420.00"},{"v":840,"d":"840.00"},{"v":0,"d":"0.00"},{"v":0,"d":"0.00"},{"v":0,"d":"0.00"},{"v":0,"d":"0.00"},"榄菊、雷达、安速","=DISPIMG(\"ID_F02897F446F848BAAD71BECD95B1480B\",1)"]
[213,null,"老鼠贴",null,150,{"$nulls":10},0,50,100,{"$nulls":3},"块",{"v":6,"d":"6.00"},{"v":900,"d":"900.00"},{"v":0,"d":"0.00"},{"v":0,"d":"0.00"},{"v":300,"d":"300.00"},{"v":600,"d":"600.00"},{"v":0,"d":"0.00"},{"v":0,"d":"0.00"},{"v":0,"d":"0.00"},"任意品牌"]
[214,null,"长光管","LED，T8，16W，AC220V",8,{"$nulls":10},0,8,{"$nulls":4},"条",{"v":20,"d":"20.00"},{"v":160,"d":"160.00"},{"v":0,"d":"0.00"},{"v":0,"d":"0.00"},{"v":160,"d":"160.00"},{"v":0,"d":"0.00"},{"v":0,"d":"0.00"},{"v":0,"d":"0.00"},{"v":0,"d":"0.00"},"任意品牌"]
[215,null,"平板灯","600x600,集成吊顶嵌入式，LED",4,{"$nulls":10},0,4,{"$nulls":4},"个",{"v":80,"d":"80.00"},{"v":320,"d":"320.00"},{"v":0,"d":"0.00"},{"v":0,"d":"0.00"},{"v":320,"d":"320.00"},{"v":0,"d":"0.00"},{"v":0,"d":"0.00"},{"v":0,"d":"0.00"},{"v":0,"d":"0.00"},"任意品牌","=DISPIMG(\"ID_B36324D68590496F928965524C38E536\",1)"]
[216,null,"烟灰缸垃圾桶砂石","灰色砂石 0.5-1.5cm",200,{"$nulls":10},0,0,200,{"$nulls":3},"斤",{"v":8,"d":"8.00"},{"v":1600,"d":"1,600.00"},{"v":0,"d":"0.00"},{"v":0,"d":"0.00"},{"v":0,"d":"0.00"},{"v":1600,"d":"1,600.00"},{"v":0,"d":"0.00"},{"v":0,"d":"0.00"},{"v":0,"d":"0.00"},"任意品牌"]
[217,null,"地垫\n（电梯使用）","绒面环保材质，全艳红色，吸水防滑，电梯用，可不包边，150*165cm",8,{"$nulls":10},0,0,8,{"$nulls":3},"块",{"v":110,"d":"110.00"},{"v":880,"d":"880.00"},{"v":0,"d":"0.00"},{"v":0,"d":"0.00"},{"v":0,"d":"0.00"},{"v":880,"d":"880.00"},{"v":0,"d":"0.00"},{"v":0,"d":"0.00"},{"v":0,"d":"0.00"}]
[218,null,"空气净化器滤芯","米家空气净化器MAX增强版，产品型号：AC-M5-SC，一套两个",10,{"$nulls":10},10,0,{"$nulls":4},"套",{"v":450,"d":"450.00"},{"v":4500,"d":"4,500.00"},{"v":0,"d":"0.00"},{"v":4500,"d":"4,500.00"},{"v":0,"d":"0.00"},{"v":0,"d":"0.00"},{"v":0,"d":"0.00"},{"v":0,"d":"0.00"},{"v":0,"d":"0.00"},"米家","=DISPIMG(\"ID_FB19A504CD5240EA9E54222A915702EF\",1)"]
[219,null,"扫把杆","实木扫把杆，118cm，螺纹接口",50,{"$nulls":10},0,0,50,{"$nulls":3},"根",{"v":8,"d":"8.00"},{"v":400,"d":"400.00"},{"v":0,"d":"0.00"},{"v":0,"d":"0.00"},{"v":0,"d":"0.00"},{"v":400,"d":"400.00"},{"v":0,"d":"0.00"},{"v":0,"d":"0.00"},{"v":0,"d":"0.00"},"任意品牌","=DISPIMG(\"ID_BDE799EA052C42E4B66FF56BDA2C06EC\",1)"]
[220,null,"老鼠笼",null,15,{"$nulls":13},15,null,null,"个",{"v":30,"d":"30.00"},{"v":450,"d":"450.00"},{"v":0,"d":"0.00"},{"v":0,"d":"0.00"},{"v":0,"d":"0.00"},{"v":0,"d":"0.00"},{"v":450,"d":"450.00"},{"v":0,"d":"0.00"},{"v":0,"d":"0.00"}]
[221,null,"配套饭碗、碟、汤匙、茶杯","陶瓷，碗口宽小于11cm,碟宽18cm",60,{"$nulls":13},60,null,null,"套",50,{"v":3000,"d":"3,000.00"},{"v":0,"d":"0.00"},{"v":0,"d":"0.00"},{"v":0,"d":"0.00"},{"v":0,"d":"0.00"},{"v":3000,"d":"3,000.00"},{"v":0,"d":"0.00"},{"v":0,"d":"0.00"}]
[222,null,"筷架","陶瓷",50,{"$nulls":13},50,null,null,"个",10,{"v":500,"d":"500.00"},{"v":0,"d":"0.00"},{"v":0,"d":"0.00"},{"v":0,"d":"0.00"},{"v":0,"d":"0.00"},{"v":500,"d":"500.00"},{"v":0,"d":"0.00"},{"v":0,"d":"0.00"}]
[223,null,"大汤碗","陶瓷，碗口宽25~28cm，深度不小于8cm",6,{"$nulls":13},6,null,null,"个",50,{"v":300,"d":"300.00"},{"v":0,"d":"0.00"},{"v":0,"d":"0.00"},{"v":0,"d":"0.00"},{"v":0,"d":"0.00"},{"v":300,"d":"300.00"},{"v":0,"d":"0.00"},{"v":0,"d":"0.00"}]
[224,null,"蒸饭盘","无孔，304不锈钢，长60cm,宽40cm，高4.5CM",15,{"$nulls":13},15,null,null,"个",80,{"v":1200,"d":"1,200.00"},{"v":0,"d":"0.00"},{"v":0,"d":"0.00"},{"v":0,"d":"0.00"},{"v":0,"d":"0.00"},{"v":1200,"d":"1,200.00"},{"v":0,"d":"0.00"},{"v":0,"d":"0.00"}]
[225,null,"不锈钢筷子","23cm,304不锈钢",140,{"$nulls":13},80,null,60,"双",3,{"v":420,"d":"420.00"},{"v":0,"d":"0.00"},{"v":0,"d":"0.00"},{"v":0,"d":"0.00"},{"v":0,"d":"0.00"},{"v":240,"d":"240.00"},{"v":0,"d":"0.00"},{"v":180,"d":"180.00"}]
[226,null,"桌布","圆桌布防水防油防烫免洗180cm*180cm",6,{"$nulls":13},6,null,null,"张",150,{"v":900,"d":"900.00"},{"v":0,"d":"0.00"},{"v":0,"d":"0.00"},{"v":0,"d":"0.00"},{"v":0,"d":"0.00"},{"v":900,"d":"900.00"},{"v":0,"d":"0.00"},{"v":0,"d":"0.00"}]
[227,null,"酱油小碟子","陶瓷，10cm*10cm",15,{"$nulls":13},15,null,null,"个",5,{"v":75,"d":"75.00"},{"v":0,"d":"0.00"},{"v":0,"d":"0.00"},{"v":0,"d":"0.00"},{"v":0,"d":"0.00"},{"v":75,"d":"75.00"},{"v":0,"d":"0.00"},{"v":0,"d":"0.00"}]
[228,null,"沥水盘","304不锈钢，沥水漏盘，直径不少于32cm，高不少于10cm",5,{"$nulls":13},5,null,null,"个",50,{"v":250,"d":"250.00"},{"v":0,"d":"0.00"},{"v":0,"d":"0.00"},{"v":0,"d":"0.00"},{"v":0,"d":"0.00"},{"v":250,"d":"250.00"},{"v":0,"d":"0.00"},{"v":0,"d":"0.00"}]
[229,null,"水果篮","蔬菜篮子瓜果收纳塑料筐 50*40*20",4,{"$nulls":13},4,null,null,"个",35,{"v":140,"d":"140.00"},{"v":0,"d":"0.00"},{"v":0,"d":"0.00"},{"v":0,"d":"0.00"},{"v":0,"d":"0.00"},{"v":140,"d":"140.00"},{"v":0,"d":"0.00"},{"v":0,"d":"0.00"}]
[230,null,"筷子筒","304加厚不锈钢",8,{"$nulls":13},6,null,2,"个",35,{"v":280,"d":"280.00"},{"v":0,"d":"0.00"},{"v":0,"d":"0.00"},{"v":0,"d":"0.00"},{"v":0,"d":"0.00"},{"v":210,"d":"210.00"},{"v":0,"d":"0.00"},{"v":70,"d":"70.00"}]
[231,null,"炖盅","陶瓷，3.5寸圆形炖盅200ml,口径不大于10cm",80,{"$nulls":13},80,null,null,"个",25,{"v":2000,"d":"2,000.00"},{"v":0,"d":"0.00"},{"v":0,"d":"0.00"},{"v":0,"d":"0.00"},{"v":0,"d":"0.00"},{"v":2000,"d":"2,000.00"},{"v":0,"d":"0.00"},{"v":0,"d":"0.00"}]
[232,null,"水果盘","玻璃水果盘，浅盘",2,{"$nulls":13},2,null,null,"个",15,{"v":30,"d":"30.00"},{"v":0,"d":"0.00"},{"v":0,"d":"0.00"},{"v":0,"d":"0.00"},{"v":0,"d":"0.00"},{"v":30,"d":"30.00"},{"v":0,"d":"0.00"},{"v":0,"d":"0.00"}]
[233,null,"水果盘","玻璃水果盘，深盘",2,{"$nulls":13},2,null,null,"个",25,{"v":50,"d":"50.00"},{"v":0,"d":"0.00"},{"v":0,"d":"0.00"},{"v":0,"d":"0.00"},{"v":0,"d":"0.00"},{"v":50,"d":"50.00"},{"v":0,"d":"0.00"},{"v":0,"d":"0.00"}]
[234,null,"茶杯","陶瓷茶杯，带盖",30,{"$nulls":13},30,null,null,"个",25,{"v":750,"d":"750.00"},{"v":0,"d":"0.00"},{"v":0,"d":"0.00"},{"v":0,"d":"0.00"},{"v":0,"d":"0.00"},{"v":750,"d":"750.00"},{"v":0,"d":"0.00"},{"v":0,"d":"0.00"}]
[235,null,"不锈钢加厚耐烧锅","304加厚不锈钢、80*70CM",1,{"$nulls":13},1,null,null,"个",800,{"v":800,"d":"800.00"},{"v":0,"d":"0.00"},{"v":0,"d":"0.00"},{"v":0,"d":"0.00"},{"v":0,"d":"0.00"},{"v":800,"d":"800.00"},{"v":0,"d":"0.00"},{"v":0,"d":"0.00"}]
[236,null,"饭卡","电子一卡通，IC卡",50,{"$nulls":13},50,null,null,"张",6,{"v":300,"d":"300.00"},{"v":0,"d":"0.00"},{"v":0,"d":"0.00"},{"v":0,"d":"0.00"},{"v":0,"d":"0.00"},{"v":300,"d":"300.00"},{"v":0,"d":"0.00"},{"v":0,"d":"0.00"}]
[237,null,"卷纸","10个1提，4层200克",75,{"$nulls":14},75,null,"提",{"v":35,"d":"35.00"},{"v":2625,"d":"2,625.00"},{"v":0,"d":"0.00"},{"v":0,"d":"0.00"},{"v":0,"d":"0.00"},{"v":0,"d":"0.00"},{"v":0,"d":"0.00"},{"v":2625,"d":"2,625.00"},{"v":0,"d":"0.00"},"任意品牌","=DISPIMG(\"ID_A59E79C7A28B4EE68FDBA119EAC5746B\",1)"]
[238,null,"固体芳香剂",null,70,{"$nulls":14},40,30,"个",{"v":3,"d":"3.00"},{"v":210,"d":"210.00"},{"v":0,"d":"0.00"},{"v":0,"d":"0.00"},{"v":0,"d":"0.00"},{"v":0,"d":"0.00"},{"v":0,"d":"0.00"},{"v":120,"d":"120.00"},{"v":90,"d":"90.00"},"任意品牌","=DISPIMG(\"ID_813D6D889F5C4FA1BBCD8DF37A73FA32\",1)"]
[239,null,"LED灯泡球泡节能灯泡","E27大螺口60瓦白光52W白光",15,{"$nulls":14},5,10,"个",{"v":50,"d":"50.00"},{"v":750,"d":"750.00"},{"v":0,"d":"0.00"},{"v":0,"d":"0.00"},{"v":0,"d":"0.00"},{"v":0,"d":"0.00"},{"v":0,"d":"0.00"},{"v":250,"d":"250.00"},{"v":500,"d":"500.00"},"任意品牌","=DISPIMG(\"ID_7A20262E592A4E678EA9D46E2EAE173A\",1)"]
[240,null,"牙膏","250g",2,{"$nulls":14},2,null,"支",{"v":15,"d":"15.00"},{"v":30,"d":"30.00"},{"v":0,"d":"0.00"},{"v":0,"d":"0.00"},{"v":0,"d":"0.00"},{"v":0,"d":"0.00"},{"v":0,"d":"0.00"},{"v":30,"d":"30.00"},{"v":0,"d":"0.00"},"任意品牌"]
[241,null,"清洁海绵","纳米海绵魔力擦，40片/箱",1,{"$nulls":14},1,null,"箱",{"v":20,"d":"20.00"},{"v":20,"d":"20.00"},{"v":0,"d":"0.00"},{"v":0,"d":"0.00"},{"v":0,"d":"0.00"},{"v":0,"d":"0.00"},{"v":0,"d":"0.00"},{"v":20,"d":"20.00"},{"v":0,"d":"0.00"},"庄太太","=DISPIMG(\"ID_E305D489902E48AA9B08FEB3C5432B00\",1)"]
[242,null,"床架木方条","144*4*3cm \n1.44米长方木方条/木架条/可定制",10,{"$nulls":14},10,null,"条",{"v":12,"d":"12.00"},{"v":120,"d":"120.00"},{"v":0,"d":"0.00"},{"v":0,"d":"0.00"},{"v":0,"d":"0.00"},{"v":0,"d":"0.00"},{"v":0,"d":"0.00"},{"v":120,"d":"120.00"},{"v":0,"d":"0.00"},"任意品牌","=DISPIMG(\"ID_4AA1793353384C07818FE60BF5EA20ED\",1)"]
[243,null,"布围裙","加厚家用防污防油防溅水男女通用家居布围裙",20,{"$nulls":12},20,{"$nulls":3},"条",{"v":10,"d":"10.00"},{"v":200,"d":"200.00"},{"$nulls":7},"任意品牌"]
[244,null,"电蚊拍","电蚊拍充电式灭蚊拍LED灯家用灭捕蚊子",30,{"$nulls":12},30,{"$nulls":3},"个",{"v":50,"d":"50.00"},{"v":1500,"d":"1,500.00"},{"$nulls":7},"任意品牌"]
[245,null,"人字梯","家用人字梯加厚折叠铝合金六步梯多功能双侧用",2,{"$nulls":12},1,null,null,1,"把",{"v":600,"d":"600.00"},{"v":1200,"d":"1,200.00"},{"$nulls":7},"任意品牌","=DISPIMG(\"ID_C61411F863D14F9393BDEA29840D80CE\",1)"]
[246,null,"人字梯","人字梯加厚梯子铝合金梯多功能折叠10步梯子",1,{"$nulls":12},1,{"$nulls":3},"把",{"v":1200,"d":"1200.00"},{"v":1200,"d":"1,200.00"},{"$nulls":7},"任意品牌","=DISPIMG(\"ID_B2C42F6B752F4B8A85C4EE19D5795CC4\",1)"]
["合计",{"$nulls":22},1107507.5,291285.5,138918.8,127205.6,139769,146322.6,111742,148164]
["交货地址：\n1.广东省东莞市东城街道东城运河路5号；（公司本部）\n2.东莞市东城街道榴花西街19号大业物流园内（第一分公司）\n3.广东省东莞市寮步镇向西旭升路5号1栋（第二分公司）\n4.东莞市沙田镇稔洲山边路103号（第三分公司）\n5.东莞市道滘镇万道路2号华科城创新产业孵化园5栋（第四分公司）\n6.东莞市横沥镇中山东路82号骏业大厦五楼（第五分公司）\n7.东莞市塘厦镇蛟坪大道83A号星河科技园二楼（第六分公司）"]

{"sheet":"WpsReserved_CellImgList","index":2,"n_rows":0,"n_cols":0,"rows_kept":0,"hidden":true,"flags":["formulas_cached_only"]}